{"text_format":"3","workbook":"xlsx","n_sheets":18,"sheets":["部门财务收支预算总表01-1","部门收入预算表01-2","部门支出预算表01-3","部门财政拨款收支预算总表02-1","一般公共预算支出预算表02-2","一般公共预算“三公”经费支出预算表03","部门基本支出预算表04","部门项目支出预算表05-1","部门项目支出绩效目标表05-2","部门政府性基金预算表06","部门政府采购预算表07","部门政府购买服务预算表08","省对下转移支付预算表09-1","省对下转移支付绩效目标表09-2","新增资产配置表10","中央转移支付补助项目支出预算表11","部门项目支出中期规划预算表12","Sheet1"],"read":"whole","date_system":"1900"}

{"sheet":"部门财务收支预算总表01-1","index":0,"n_rows":21,"n_cols":4,"rows_kept":21,"merged":[[1,0,1,3],[2,0,2,1],[3,0,3,1],[3,2,3,3],[4,0,5,0],[4,1,5,1],[4,2,5,2],[4,3,5,3]]}
[{"$nulls":3},"预算01-1表"]
["2026年部门财务收支预算总表"]
[{"$f":"\"单位名称：\"&\"云南省测绘工程院\"","v":"单位名称：云南省测绘工程院"},null,null,"单位:元"]
["收        入",null,"支        出"]
["项      目","预算数","项目（按功能分类）","预算数"]
[]
["一、一般公共预算拨款收入",{"v":58954419.26,"d":"58,954,419.26"},{"$f":"\"一\"&\"、\"&\"社会保障和就业支出\"","v":"一、社会保障和就业支出"},{"v":6127846.35,"d":"6,127,846.35"}]
["二、政府性基金预算拨款收入",null,{"$f":"\"二\"&\"、\"&\"卫生健康支出\"","v":"二、卫生健康支出"},{"v":4593283.36,"d":"4,593,283.36"}]
["三、国有资本经营预算拨款收入",null,{"$f":"\"三\"&\"、\"&\"自然资源海洋气象等支出\"","v":"三、自然资源海洋气象等支出"},{"v":121017566.8,"d":"121,017,566.80"}]
["四、财政专户管理资金收入",null,{"$f":"\"四\"&\"、\"&\"住房保障支出\"","v":"四、住房保障支出"},{"v":7298612.1,"d":"7,298,612.10"}]
["五、单位资金",{"v":60916240.24,"d":"60,916,240.24"}]
["1、事业收入",{"v":60866240.24,"d":"60,866,240.24"}]
["2、事业单位经营收入"]
["3、上级补助收入"]
["4、附属单位上缴收入"]
["5、其他收入",{"v":50000,"d":"50,000.00"}]
["本年收入合计",{"v":119870659.5,"d":"119,870,659.50"},"本年支出合计",{"v":139037308.61,"d":"139,037,308.61"}]
["上年结转结余",{"v":19216649.11,"d":"19,216,649.11"},"年终结转结余",{"v":50000,"d":"50,000.00"}]
["1、财政拨款结转结余",{"v":3034466,"d":"3,034,466.00"},"1、财政拨款结转结余"]
["2、非财政拨款结余",{"v":16182183.11,"d":"16,182,183.11"},"2、非财政拨款结余",{"v":50000,"d":"50,000.00"}]
["收  入  总  计",{"v":139087308.61,"d":"139,087,308.61"},"支 出 总 计",{"v":139087308.61,"d":"139,087,308.61"}]

{"sheet":"部门收入预算表01-2","index":1,"n_rows":9,"n_cols":19,"rows_kept":9,"merged":[[0,17,0,18],[1,0,1,18],[2,0,2,3],[2,17,2,18],[3,0,5,0],[3,1,5,1],[3,2,5,2],[3,3,3,13],[3,14,3,18],[4,3,5,3],[4,4,5,4],[4,5,5,5],[4,6,5,6],[4,7,5,7],[4,8,4,13],[4,14,5,14],[4,15,5,15],[4,16,5,16],[4,17,5,17],[4,18,5,18]]}
[{"$nulls":17},"预算01-2表"]
["2026年部门收入预算表"]
[{"$f":"\"单位名称：\"&\"云南省测绘工程院\"","v":"单位名称：云南省测绘工程院"},{"$nulls":16},"单位:元","单位:元"]
["部门（单位）代码","部门（单位）名称","合计","本年收入",{"$nulls":10},"上年结转结余"]
[{"$nulls":3},"小计","一般公共预算","政府性基金预算","国有资本经营预算","财政专户管理资金","单位资金收入",null,"事业单位经营收入","上级补助收入","附属单位上缴收入","其他收入","小计","一般公共预算","政府性基金预算","国有资本经营预算","非财政拨款结余"]
[{"$nulls":8},"小计","事业收入","事业单位经营收入","上级补助收入","附属单位上缴收入","其他收入"]
[1,2,3,4,5,6,7,8,9,10,11,12,13,14,15,16,17,18,19]
["121017","云南省测绘工程院",{"v":139087308.61,"d":"139,087,308.61"},{"v":119870659.5,"d":"119,870,659.50"},{"v":58954419.26,"d":"58,954,419.26"},{"$nulls":3},{"v":60916240.24,"d":"60,916,240.24"},{"v":60866240.24,"d":"60,866,240.24"},{"$nulls":3},{"v":50000,"d":"50,000.00"},{"v":19216649.11,"d":"19,216,649.11"},{"v":3034466,"d":"3,034,466.00"},null,null,{"v":16182183.11,"d":"16,182,183.11"}]
["合计",null,{"v":139087308.61,"d":"139,087,308.61"},{"v":119870659.5,"d":"119,870,659.50"},{"v":58954419.26,"d":"58,954,419.26"},{"$nulls":3},{"v":60916240.24,"d":"60,916,240.24"},{"v":60866240.24,"d":"60,866,240.24"},{"$nulls":3},{"v":50000,"d":"50,000.00"},{"v":19216649.11,"d":"19,216,649.11"},{"v":3034466,"d":"3,034,466.00"},null,null,{"v":16182183.11,"d":"16,182,183.11"}]

{"sheet":"部门支出预算表01-3","index":2,"n_rows":27,"n_cols":15,"rows_kept":27,"merged":[[1,0,1,14],[2,0,2,11],[3,0,4,0],[3,1,4,1],[3,2,4,2],[3,3,3,5],[3,6,4,6],[3,7,4,7],[3,8,4,8],[3,9,3,14],[26,0,26,1]]}
[{"$nulls":14},"预算01-3表"]
["2026年部门支出预算表"]
[{"$f":"\"单位名称：\"&\"云南省测绘工程院\"","v":"单位名称：云南省测绘工程院"},{"$nulls":13},"单位:元"]
["科目编码","科目名称","合计","一般公共预算",null,null,"政府性基金预算","国有资本经营预算","财政专户管理的支出","单位资金","事业支出","事业单位\n经营支出","上级补助支出","附属单位补助支出","其他支出"]
[{"$nulls":3},"小计","基本支出","项目支出",{"$nulls":3},"小计","事业支出","事业单位\n经营支出","上级补助支出","附属单位补助支出","其他支出"]
[1,2,3,4,5,6,7,8,9,10,11,12,13,14,15]
["208","社会保障和就业支出",{"v":6127846.35,"d":"6,127,846.35"},{"v":2622490.13,"d":"2,622,490.13"},{"v":2622490.13,"d":"2,622,490.13"},{"$nulls":4},{"v":3505356.22,"d":"3,505,356.22"},{"v":3505356.22,"d":"3,505,356.22"}]
["20805","行政事业单位养老支出",{"v":5309229.93,"d":"5,309,229.93"},{"v":2495647.34,"d":"2,495,647.34"},{"v":2495647.34,"d":"2,495,647.34"},{"$nulls":4},{"v":2813582.59,"d":"2,813,582.59"},{"v":2813582.59,"d":"2,813,582.59"}]
["2080502","事业单位离退休",{"v":1003140,"d":"1,003,140.00"},{"v":116640,"d":"116,640.00"},{"v":116640,"d":"116,640.00"},{"$nulls":4},{"v":886500,"d":"886,500.00"},{"v":886500,"d":"886,500.00"}]
["2080505","机关事业单位基本养老保险缴费支出",{"v":4306089.93,"d":"4,306,089.93"},{"v":2379007.34,"d":"2,379,007.34"},{"v":2379007.34,"d":"2,379,007.34"},{"$nulls":4},{"v":1927082.59,"d":"1,927,082.59"},{"v":1927082.59,"d":"1,927,082.59"}]
["20899","其他社会保障和就业支出",{"v":818616.42,"d":"818,616.42"},{"v":126842.79,"d":"126,842.79"},{"v":126842.79,"d":"126,842.79"},{"$nulls":4},{"v":691773.63,"d":"691,773.63"},{"v":691773.63,"d":"691,773.63"}]
["2089999","其他社会保障和就业支出",{"v":818616.42,"d":"818,616.42"},{"v":126842.79,"d":"126,842.79"},{"v":126842.79,"d":"126,842.79"},{"$nulls":4},{"v":691773.63,"d":"691,773.63"},{"v":691773.63,"d":"691,773.63"}]
["210","卫生健康支出",{"v":4593283.36,"d":"4,593,283.36"},{"v":3027983.43,"d":"3,027,983.43"},{"v":3027983.43,"d":"3,027,983.43"},{"$nulls":4},{"v":1565299.93,"d":"1,565,299.93"},{"v":1565299.93,"d":"1,565,299.93"}]
["21011","行政事业单位医疗",{"v":4593283.36,"d":"4,593,283.36"},{"v":3027983.43,"d":"3,027,983.43"},{"v":3027983.43,"d":"3,027,983.43"},{"$nulls":4},{"v":1565299.93,"d":"1,565,299.93"},{"v":1565299.93,"d":"1,565,299.93"}]
["2101102","事业单位医疗",{"v":2247829.61,"d":"2,247,829.61"},{"v":1486879.59,"d":"1,486,879.59"},{"v":1486879.59,"d":"1,486,879.59"},{"$nulls":4},{"v":760950.02,"d":"760,950.02"},{"v":760950.02,"d":"760,950.02"}]
["2101103","公务员医疗补助",{"v":2103653.75,"d":"2,103,653.75"},{"v":1377303.84,"d":"1,377,303.84"},{"v":1377303.84,"d":"1,377,303.84"},{"$nulls":4},{"v":726349.91,"d":"726,349.91"},{"v":726349.91,"d":"726,349.91"}]
["2101199","其他行政事业单位医疗支出",{"v":241800,"d":"241,800.00"},{"v":163800,"d":"163,800.00"},{"v":163800,"d":"163,800.00"},{"$nulls":4},{"v":78000,"d":"78,000.00"},{"v":78000,"d":"78,000.00"}]
["220","自然资源海洋气象等支出",{"v":121017566.8,"d":"121,017,566.80"},{"v":54628799.6,"d":"54,628,799.60"},{"v":16369057.6,"d":"16,369,057.60"},{"v":38259742,"d":"38,259,742.00"},{"$nulls":3},{"v":66388767.2,"d":"66,388,767.20"},{"v":66388767.2,"d":"66,388,767.20"}]
["22001","自然资源事务",{"v":121017566.8,"d":"121,017,566.80"},{"v":54628799.6,"d":"54,628,799.60"},{"v":16369057.6,"d":"16,369,057.60"},{"v":38259742,"d":"38,259,742.00"},{"$nulls":3},{"v":66388767.2,"d":"66,388,767.20"},{"v":66388767.2,"d":"66,388,767.20"}]
["2200106","自然资源利用与保护",{"v":11114676,"d":"11,114,676.00"},{"v":11114676,"d":"11,114,676.00"},null,{"v":11114676,"d":"11,114,676.00"}]
["2200109","自然资源调查与确权登记",{"v":21468490,"d":"21,468,490.00"},{"v":21468490,"d":"21,468,490.00"},{"v":118800,"d":"118,800.00"},{"v":21349690,"d":"21,349,690.00"}]
["2200129","基础测绘与地理信息监管",{"v":5826576,"d":"5,826,576.00"},{"v":5826576,"d":"5,826,576.00"},{"v":31200,"d":"31,200.00"},{"v":5795376,"d":"5,795,376.00"}]
["2200150","事业运行",{"v":82607824.8,"d":"82,607,824.80"},{"v":16219057.6,"d":"16,219,057.60"},{"v":16219057.6,"d":"16,219,057.60"},{"$nulls":4},{"v":66388767.2,"d":"66,388,767.20"},{"v":66388767.2,"d":"66,388,767.20"}]
["221","住房保障支出",{"v":7298612.1,"d":"7,298,612.10"},{"v":1709612.1,"d":"1,709,612.10"},{"v":1709612.1,"d":"1,709,612.10"},{"$nulls":4},{"v":5589000,"d":"5,589,000.00"},{"v":5589000,"d":"5,589,000.00"}]
["22102","住房改革支出",{"v":7298612.1,"d":"7,298,612.10"},{"v":1709612.1,"d":"1,709,612.10"},{"v":1709612.1,"d":"1,709,612.10"},{"$nulls":4},{"v":5589000,"d":"5,589,000.00"},{"v":5589000,"d":"5,589,000.00"}]
["2210201","住房公积金",{"v":7298612.1,"d":"7,298,612.10"},{"v":1709612.1,"d":"1,709,612.10"},{"v":1709612.1,"d":"1,709,612.10"},{"$nulls":4},{"v":5589000,"d":"5,589,000.00"},{"v":5589000,"d":"5,589,000.00"}]
["合  计","合  计",{"v":139037308.61,"d":"139,037,308.61"},{"v":61988885.26,"d":"61,988,885.26"},{"v":23729143.26,"d":"23,729,143.26"},{"v":38259742,"d":"38,259,742.00"},{"$nulls":3},{"v":77048423.35,"d":"77,048,423.35"},{"v":77048423.35,"d":"77,048,423.35"}]

{"sheet":"部门财政拨款收支预算总表02-1","index":3,"n_rows":16,"n_cols":4,"rows_kept":16,"merged":[[1,0,1,3],[2,0,2,1],[3,0,3,1],[3,2,3,3],[4,0,5,0],[4,1,5,1],[4,2,5,2],[4,3,5,3]]}
[{"$nulls":3},"预算02-1表"]
["2026年财政拨款收支预算总表"]
[{"$f":"\"单位名称：\"&\"云南省测绘工程院\"","v":"单位名称：云南省测绘工程院"},null,null,"单位:元"]
["收        入",null,"支        出"]
["项      目","预算数","支出功能分类科目","预算数"]
[]
["一、本年收入",{"v":58954419.26,"d":"58,954,419.26"},"一、本年支出",{"v":61988885.26,"d":"61,988,885.26"}]
["（一）一般公共预算拨款",{"v":58954419.26,"d":"58,954,419.26"},{"$f":"\"（一）\"&\"社会保障和就业支出\"","v":"（一）社会保障和就业支出"},{"v":2622490.13,"d":"2,622,490.13"}]
["（二）政府性基金预算拨款",null,{"$f":"\"（二）\"&\"卫生健康支出\"","v":"（二）卫生健康支出"},{"v":3027983.43,"d":"3,027,983.43"}]
["（三）国有资本经营预算拨款",null,{"$f":"\"（三）\"&\"自然资源海洋气象等支出\"","v":"（三）自然资源海洋气象等支出"},{"v":54628799.6,"d":"54,628,799.60"}]
["二、上年结转",{"v":3034466,"d":"3,034,466.00"},{"$f":"\"（四）\"&\"住房保障支出\"","v":"（四）住房保障支出"},{"v":1709612.1,"d":"1,709,612.10"}]
["（一）一般公共预算拨款",{"v":3034466,"d":"3,034,466.00"}]
["（二）政府性基金预算拨款"]
["（三）国有资本经营预算拨款"]
[null,null,"二、年终结转结余"]
["收 入 总 计",{"v":61988885.26,"d":"61,988,885.26"},"支 出 总 计",{"v":61988885.26,"d":"61,988,885.26"}]

{"sheet":"一般公共预算支出预算表02-2","index":4,"n_rows":27,"n_cols":7,"rows_kept":27,"merged":[[1,0,1,6],[2,0,2,4],[3,0,3,1],[3,2,4,2],[3,3,3,5],[3,6,4,6],[26,0,26,1]]}
[{"$nulls":6},"预算02-2表"]
["2026年一般公共预算支出预算表（按功能科目分类）"]
[{"$f":"\"单位名称：\"&\"云南省测绘工程院\"","v":"单位名称：云南省测绘工程院"},{"$nulls":5},"单位:元"]
["部门预算支出功能分类科目",null,"合计","基本支出",null,null,"项目支出"]
["科目编码","科目名称",null,"小计","人员经费","公用经费"]
["1","2","3",null,"4","5","6"]
["208","社会保障和就业支出",{"v":2622490.13,"d":"2,622,490.13"},{"v":2622490.13,"d":"2,622,490.13"},{"v":2505850.13,"d":"2,505,850.13"},{"v":116640,"d":"116,640.00"}]
["20805","行政事业单位养老支出",{"v":2495647.34,"d":"2,495,647.34"},{"v":2495647.34,"d":"2,495,647.34"},{"v":2379007.34,"d":"2,379,007.34"},{"v":116640,"d":"116,640.00"}]
["2080502","事业单位离退休",{"v":116640,"d":"116,640.00"},{"v":116640,"d":"116,640.00"},null,{"v":116640,"d":"116,640.00"}]
["2080505","机关事业单位基本养老保险缴费支出",{"v":2379007.34,"d":"2,379,007.34"},{"v":2379007.34,"d":"2,379,007.34"},{"v":2379007.34,"d":"2,379,007.34"}]
["20899","其他社会保障和就业支出",{"v":126842.79,"d":"126,842.79"},{"v":126842.79,"d":"126,842.79"},{"v":126842.79,"d":"126,842.79"}]
["2089999","其他社会保障和就业支出",{"v":126842.79,"d":"126,842.79"},{"v":126842.79,"d":"126,842.79"},{"v":126842.79,"d":"126,842.79"}]
["210","卫生健康支出",{"v":3027983.43,"d":"3,027,983.43"},{"v":3027983.43,"d":"3,027,983.43"},{"v":3027983.43,"d":"3,027,983.43"}]
["21011","行政事业单位医疗",{"v":3027983.43,"d":"3,027,983.43"},{"v":3027983.43,"d":"3,027,983.43"},{"v":3027983.43,"d":"3,027,983.43"}]
["2101102","事业单位医疗",{"v":1486879.59,"d":"1,486,879.59"},{"v":1486879.59,"d":"1,486,879.59"},{"v":1486879.59,"d":"1,486,879.59"}]
["2101103","公务员医疗补助",{"v":1377303.84,"d":"1,377,303.84"},{"v":1377303.84,"d":"1,377,303.84"},{"v":1377303.84,"d":"1,377,303.84"}]
["2101199","其他行政事业单位医疗支出",{"v":163800,"d":"163,800.00"},{"v":163800,"d":"163,800.00"},{"v":163800,"d":"163,800.00"}]
["220","自然资源海洋气象等支出",{"v":51594333.6,"d":"51,594,333.60"},{"v":16369057.6,"d":"16,369,057.60"},{"v":14311910,"d":"14,311,910.00"},{"v":2057147.6,"d":"2,057,147.60"},{"v":35225276,"d":"35,225,276.00"}]
["22001","自然资源事务",{"v":51594333.6,"d":"51,594,333.60"},{"v":16369057.6,"d":"16,369,057.60"},{"v":14311910,"d":"14,311,910.00"},{"v":2057147.6,"d":"2,057,147.60"},{"v":35225276,"d":"35,225,276.00"}]
["2200106","自然资源利用与保护",{"v":11114676,"d":"11,114,676.00"},{"$nulls":3},{"v":11114676,"d":"11,114,676.00"}]
["2200109","自然资源调查与确权登记",{"v":18868800,"d":"18,868,800.00"},{"v":118800,"d":"118,800.00"},{"v":118800,"d":"118,800.00"},null,{"v":18750000,"d":"18,750,000.00"}]
["2200129","基础测绘与地理信息监管",{"v":5391800,"d":"5,391,800.00"},{"v":31200,"d":"31,200.00"},{"v":31200,"d":"31,200.00"},null,{"v":5360600,"d":"5,360,600.00"}]
["2200150","事业运行",{"v":16219057.6,"d":"16,219,057.60"},{"v":16219057.6,"d":"16,219,057.60"},{"v":14161910,"d":"14,161,910.00"},{"v":2057147.6,"d":"2,057,147.60"}]
["221","住房保障支出",{"v":1709612.1,"d":"1,709,612.10"},{"v":1709612.1,"d":"1,709,612.10"},{"v":1709612.1,"d":"1,709,612.10"}]
["22102","住房改革支出",{"v":1709612.1,"d":"1,709,612.10"},{"v":1709612.1,"d":"1,709,612.10"},{"v":1709612.1,"d":"1,709,612.10"}]
["2210201","住房公积金",{"v":1709612.1,"d":"1,709,612.10"},{"v":1709612.1,"d":"1,709,612.10"},{"v":1709612.1,"d":"1,709,612.10"}]
["合  计","合  计",{"v":58954419.26,"d":"58,954,419.26"},{"v":23729143.26,"d":"23,729,143.26"},{"v":21555355.66,"d":"21,555,355.66"},{"v":2173787.6,"d":"2,173,787.60"},{"v":35225276,"d":"35,225,276.00"}]

{"sheet":"一般公共预算“三公”经费支出预算表03","index":5,"n_rows":7,"n_cols":6,"rows_kept":7,"merged":[[1,0,1,5],[2,0,2,3],[3,0,4,0],[3,1,4,1],[3,2,3,4],[3,5,4,5]]}
[{"$nulls":5},"预算03表"]
["2026年一般公共预算“三公”经费支出预算表"]
[{"$f":"\"单位名称：\"&\"云南省测绘工程院\"","v":"单位名称：云南省测绘工程院"},{"$nulls":4},"单位：元"]
["“三公”经费合计","因公出国（境）费","公务用车购置及运行费",null,null,"公务接待费"]
[null,null,"小计","公务用车购置费","公务用车运行费"]
[1,2,3,4,5,6]
[{"v":283824.66,"d":"283,824.66"},null,{"v":283824.66,"d":"283,824.66"},null,{"v":283824.66,"d":"283,824.66"}]

{"sheet":"部门基本支出预算表04","index":6,"n_rows":48,"n_cols":23,"rows_kept":48,"merged":[[1,0,1,22],[2,0,2,6],[3,0,6,0],[3,1,6,1],[3,2,6,2],[3,3,6,3],[3,4,6,4],[3,5,6,5],[3,6,6,6],[3,7,3,22],[4,7,6,7],[4,8,4,12],[4,13,4,15],[4,16,6,16],[4,17,4,22],[5,8,6,8],[5,9,6,9],[5,10,6,10],[5,11,6,11],[5,12,6,12],[5,13,6,13],[5,14,6,14],[5,15,6,15],[5,17,6,17],[5,18,6,18],[5,19,6,19],[5,20,6,20],[5,21,6,21],[5,22,6,22],[47,0,47,6]]}
[{"$nulls":22},"预算04表"]
["2026年部门基本支出预算表"]
[{"$f":"\"单位名称：\"&\"云南省测绘工程院\"","v":"单位名称：云南省测绘工程院"},{"$nulls":21},"单位：元"]
["单位名称","项目代码","项目名称","功能科目编码","功能科目名称","经济科目编码","经济科目名称","资金来源"]
[{"$nulls":7},"合计","一般公共预算",{"$nulls":4},"财政拨款结转结余",null,null,"财政专户管理资金","单位资金"]
[{"$nulls":8},"全年数","已提前安排","抵扣上年垫付资金","本次下达","另文下达","一般公共预算","政府性基金预算","国有资本经营预算",null,"小计","事业收入","事业单位\n经营收入","上级补助收入","附属单位上缴收入","其他收入"]
[]
[1,2,3,4,5,6,7,8,9,10,11,12,13,14,15,16,17,18,19,20,21,22,23]
["云南省测绘工程院",{"$nulls":6},{"v":99057566.61,"d":"99,057,566.61"},{"v":23729143.26,"d":"23,729,143.26"},{"v":5712192.17,"d":"5,712,192.17"},null,{"v":18016951.09,"d":"18,016,951.09"},{"$nulls":5},{"v":75328423.35,"d":"75,328,423.35"},{"v":75328423.35,"d":"75,328,423.35"}]
["云南省测绘工程院","530000210000000024131","事业人员支出工资","2200150","事业运行","30101","基本工资",{"v":11789992,"d":"11,789,992.00"},{"v":11389992,"d":"11,389,992.00"},{"v":2847498,"d":"2,847,498.00"},null,{"v":8542494,"d":"8,542,494.00"},{"$nulls":5},{"v":400000,"d":"400,000.00"},{"v":400000,"d":"400,000.00"}]
["云南省测绘工程院","530000210000000024131","事业人员支出工资","2200150","事业运行","30102","津贴补贴",{"v":37152,"d":"37,152.00"},{"v":1152,"d":"1,152.00"},{"v":288,"d":"288.00"},null,{"v":864,"d":"864.00"},{"$nulls":5},{"v":36000,"d":"36,000.00"},{"v":36000,"d":"36,000.00"}]
["云南省测绘工程院","530000210000000024131","事业人员支出工资","2200150","事业运行","30103","奖金",{"v":1039166,"d":"1,039,166.00"},{"v":949166,"d":"949,166.00"},{"v":237291.5,"d":"237,291.50"},null,{"v":711874.5,"d":"711,874.50"},{"$nulls":5},{"v":90000,"d":"90,000.00"},{"v":90000,"d":"90,000.00"}]
["云南省测绘工程院","530000210000000024131","事业人员支出工资","2200150","事业运行","30107","绩效工资",{"v":28694431.2,"d":"28,694,431.20"},{"v":1821600,"d":"1,821,600.00"},{"v":455400,"d":"455,400.00"},null,{"v":1366200,"d":"1,366,200.00"},{"$nulls":5},{"v":26872831.2,"d":"26,872,831.20"},{"v":26872831.2,"d":"26,872,831.20"}]
["云南省测绘工程院","530000210000000024132","社会保障缴费","2080505","机关事业单位基本养老保险缴费支出","30108","机关事业单位基本养老保险缴费",{"v":4306089.93,"d":"4,306,089.93"},{"v":2379007.34,"d":"2,379,007.34"},{"v":594751.84,"d":"594,751.84"},null,{"v":1784255.5,"d":"1,784,255.50"},{"$nulls":5},{"v":1927082.59,"d":"1,927,082.59"},{"v":1927082.59,"d":"1,927,082.59"}]
["云南省测绘工程院","530000210000000024132","社会保障缴费","2089999","其他社会保障和就业支出","30112","其他社会保障缴费",{"v":818616.42,"d":"818,616.42"},{"v":126842.79,"d":"126,842.79"},{"v":31710.7,"d":"31,710.70"},null,{"v":95132.09,"d":"95,132.09"},{"$nulls":5},{"v":691773.63,"d":"691,773.63"},{"v":691773.63,"d":"691,773.63"}]
["云南省测绘工程院","530000210000000024132","社会保障缴费","2101102","事业单位医疗","30110","职工基本医疗保险缴费",{"v":2247829.61,"d":"2,247,829.61"},{"v":1486879.59,"d":"1,486,879.59"},{"v":371719.9,"d":"371,719.90"},null,{"v":1115159.69,"d":"1,115,159.69"},{"$nulls":5},{"v":760950.02,"d":"760,950.02"},{"v":760950.02,"d":"760,950.02"}]
["云南省测绘工程院","530000210000000024132","社会保障缴费","2101103","公务员医疗补助","30111","公务员医疗补助缴费",{"v":2103653.75,"d":"2,103,653.75"},{"v":1377303.84,"d":"1,377,303.84"},{"v":344325.96,"d":"344,325.96"},null,{"v":1032977.88,"d":"1,032,977.88"},{"$nulls":5},{"v":726349.91,"d":"726,349.91"},{"v":726349.91,"d":"726,349.91"}]
["云南省测绘工程院","530000210000000024132","社会保障缴费","2101199","其他行政事业单位医疗支出","30112","其他社会保障缴费",{"v":241800,"d":"241,800.00"},{"v":163800,"d":"163,800.00"},{"v":163800,"d":"163,800.00"},{"$nulls":7},{"v":78000,"d":"78,000.00"},{"v":78000,"d":"78,000.00"}]
["云南省测绘工程院","530000210000000024134","住房公积金","2210201","住房公积金","30113","住房公积金",{"v":7298612.1,"d":"7,298,612.10"},{"v":1709612.1,"d":"1,709,612.10"},{"v":427403.03,"d":"427,403.03"},null,{"v":1282209.07,"d":"1,282,209.07"},{"$nulls":5},{"v":5589000,"d":"5,589,000.00"},{"v":5589000,"d":"5,589,000.00"}]
["云南省测绘工程院","530000210000000024136","其他工资福利支出","2200150","事业运行","30199","其他工资福利支出",{"v":482940,"d":"482,940.00"},{"$nulls":9},{"v":482940,"d":"482,940.00"},{"v":482940,"d":"482,940.00"}]
["云南省测绘工程院","530000210000000024137","公车购置及运维费","2200150","事业运行","30231","公务用车运行维护费",{"v":581324.66,"d":"581,324.66"},{"v":283824.66,"d":"283,824.66"},null,null,{"v":283824.66,"d":"283,824.66"},{"$nulls":5},{"v":297500,"d":"297,500.00"},{"v":297500,"d":"297,500.00"}]
["云南省测绘工程院","530000210000000024139","公务接待费","2200150","事业运行","30217","公务接待费",{"v":25000,"d":"25,000.00"},{"$nulls":9},{"v":25000,"d":"25,000.00"},{"v":25000,"d":"25,000.00"}]
["云南省测绘工程院","530000210000000024141","工会经费","2200150","事业运行","30228","工会经费",{"v":1175378.2,"d":"1,175,378.20"},{"v":283238.2,"d":"283,238.20"},{"v":70809.55,"d":"70,809.55"},null,{"v":212428.65,"d":"212,428.65"},{"$nulls":5},{"v":892140,"d":"892,140.00"},{"v":892140,"d":"892,140.00"}]
["云南省测绘工程院","530000210000000024142","一般公用经费","2080502","事业单位离退休","30299","其他商品和服务支出",{"v":1003140,"d":"1,003,140.00"},{"v":116640,"d":"116,640.00"},{"v":29160,"d":"29,160.00"},null,{"v":87480,"d":"87,480.00"},{"$nulls":5},{"v":886500,"d":"886,500.00"},{"v":886500,"d":"886,500.00"}]
["云南省测绘工程院","530000210000000024142","一般公用经费","2200150","事业运行","30201","办公费",{"v":159000,"d":"159,000.00"},{"v":60000,"d":"60,000.00"},null,null,{"v":60000,"d":"60,000.00"},{"$nulls":5},{"v":99000,"d":"99,000.00"},{"v":99000,"d":"99,000.00"}]
["云南省测绘工程院","530000210000000024142","一般公用经费","2200150","事业运行","30202","印刷费",{"v":108000,"d":"108,000.00"},{"v":13000,"d":"13,000.00"},null,null,{"v":13000,"d":"13,000.00"},{"$nulls":5},{"v":95000,"d":"95,000.00"},{"v":95000,"d":"95,000.00"}]
["云南省测绘工程院","530000210000000024142","一般公用经费","2200150","事业运行","30204","手续费",{"v":800000,"d":"800,000.00"},{"$nulls":9},{"v":800000,"d":"800,000.00"},{"v":800000,"d":"800,000.00"}]
["云南省测绘工程院","530000210000000024142","一般公用经费","2200150","事业运行","30205","水费",{"v":180000,"d":"180,000.00"},{"v":45000,"d":"45,000.00"},{"v":11250,"d":"11,250.00"},null,{"v":33750,"d":"33,750.00"},{"$nulls":5},{"v":135000,"d":"135,000.00"},{"v":135000,"d":"135,000.00"}]
["云南省测绘工程院","530000210000000024142","一般公用经费","2200150","事业运行","30206","电费",{"v":295000,"d":"295,000.00"},{"v":45000,"d":"45,000.00"},{"v":11250,"d":"11,250.00"},null,{"v":33750,"d":"33,750.00"},{"$nulls":5},{"v":250000,"d":"250,000.00"},{"v":250000,"d":"250,000.00"}]
["云南省测绘工程院","530000210000000024142","一般公用经费","2200150","事业运行","30207","邮电费",{"v":80000,"d":"80,000.00"},{"v":20000,"d":"20,000.00"},{"v":5000,"d":"5,000.00"},null,{"v":15000,"d":"15,000.00"},{"$nulls":5},{"v":60000,"d":"60,000.00"},{"v":60000,"d":"60,000.00"}]
["云南省测绘工程院","530000210000000024142","一般公用经费","2200150","事业运行","30209","物业管理费",{"v":2414000,"d":"2,414,000.00"},{"v":414000,"d":"414,000.00"},null,null,{"v":414000,"d":"414,000.00"},{"$nulls":5},{"v":2000000,"d":"2,000,000.00"},{"v":2000000,"d":"2,000,000.00"}]
["云南省测绘工程院","530000210000000024142","一般公用经费","2200150","事业运行","30211","差旅费",{"v":1325501.92,"d":"1,325,501.92"},{"v":164501.92,"d":"164,501.92"},{"v":41125.48,"d":"41,125.48"},null,{"v":123376.44,"d":"123,376.44"},{"$nulls":5},{"v":1161000,"d":"1,161,000.00"},{"v":1161000,"d":"1,161,000.00"}]
["云南省测绘工程院","530000210000000024142","一般公用经费","2200150","事业运行","30213","维修（护）费",{"v":3766000,"d":"3,766,000.00"},{"v":90000,"d":"90,000.00"},{"v":22500,"d":"22,500.00"},null,{"v":67500,"d":"67,500.00"},{"$nulls":5},{"v":3676000,"d":"3,676,000.00"},{"v":3676000,"d":"3,676,000.00"}]
["云南省测绘工程院","530000210000000024142","一般公用经费","2200150","事业运行","30214","租赁费",{"v":165000,"d":"165,000.00"},{"$nulls":9},{"v":165000,"d":"165,000.00"},{"v":165000,"d":"165,000.00"}]
["云南省测绘工程院","530000210000000024142","一般公用经费","2200150","事业运行","30215","会议费",{"v":80500,"d":"80,500.00"},{"v":8500,"d":"8,500.00"},{"v":2125,"d":"2,125.00"},null,{"v":6375,"d":"6,375.00"},{"$nulls":5},{"v":72000,"d":"72,000.00"},{"v":72000,"d":"72,000.00"}]
["云南省测绘工程院","530000210000000024142","一般公用经费","2200150","事业运行","30216","培训费",{"v":5500,"d":"5,500.00"},{"v":5500,"d":"5,500.00"},{"v":1375,"d":"1,375.00"},null,{"v":4125,"d":"4,125.00"}]
["云南省测绘工程院","530000210000000024142","一般公用经费","2200150","事业运行","30218","专用材料费",{"v":1051900,"d":"1,051,900.00"},{"$nulls":9},{"v":1051900,"d":"1,051,900.00"},{"v":1051900,"d":"1,051,900.00"}]
["云南省测绘工程院","530000210000000024142","一般公用经费","2200150","事业运行","30226","劳务费",{"v":828000,"d":"828,000.00"},{"$nulls":9},{"v":828000,"d":"828,000.00"},{"v":828000,"d":"828,000.00"}]
["云南省测绘工程院","530000210000000024142","一般公用经费","2200150","事业运行","30227","委托业务费",{"v":8525500,"d":"8,525,500.00"},{"v":25500,"d":"25,500.00"},{"v":6375,"d":"6,375.00"},null,{"v":19125,"d":"19,125.00"},{"$nulls":5},{"v":8500000,"d":"8,500,000.00"},{"v":8500000,"d":"8,500,000.00"}]
["云南省测绘工程院","530000210000000024142","一般公用经费","2200150","事业运行","30239","其他交通费用",{"v":1602000,"d":"1,602,000.00"},{"$nulls":9},{"v":1602000,"d":"1,602,000.00"},{"v":1602000,"d":"1,602,000.00"}]
["云南省测绘工程院","530000210000000024142","一般公用经费","2200150","事业运行","30240","税金及附加费用",{"v":4572591,"d":"4,572,591.00"},{"$nulls":9},{"v":4572591,"d":"4,572,591.00"},{"v":4572591,"d":"4,572,591.00"}]
["云南省测绘工程院","530000210000000024142","一般公用经费","2200150","事业运行","30299","其他商品和服务支出",{"v":8614427.82,"d":"8,614,427.82"},{"v":148132.82,"d":"148,132.82"},{"v":37033.21,"d":"37,033.21"},null,{"v":111099.61,"d":"111,099.61"},{"$nulls":5},{"v":8466295,"d":"8,466,295.00"},{"v":8466295,"d":"8,466,295.00"}]
["云南省测绘工程院","530000210000000024142","一般公用经费","2200150","事业运行","31002","办公设备购置",{"v":396500,"d":"396,500.00"},{"v":396500,"d":"396,500.00"},null,null,{"v":396500,"d":"396,500.00"}]
["云南省测绘工程院","530000210000000024142","一般公用经费","2200150","事业运行","31003","专用设备购置",{"v":1075770,"d":"1,075,770.00"},{"$nulls":9},{"v":1075770,"d":"1,075,770.00"},{"v":1075770,"d":"1,075,770.00"}]
["云南省测绘工程院","530000210000000024142","一般公用经费","2200150","事业运行","31007","信息网络及软件购置更新",{"v":1017250,"d":"1,017,250.00"},{"v":54450,"d":"54,450.00"},null,null,{"v":54450,"d":"54,450.00"},{"$nulls":5},{"v":962800,"d":"962,800.00"},{"v":962800,"d":"962,800.00"}]
["云南省测绘工程院","530000221100000138941","事业单位野外津贴经费","2200109","自然资源调查与确权登记","30102","津贴补贴",{"v":118800,"d":"118,800.00"},{"v":118800,"d":"118,800.00"},null,null,{"v":118800,"d":"118,800.00"}]
["云南省测绘工程院","530000221100000138941","事业单位野外津贴经费","2200129","基础测绘与地理信息监管","30102","津贴补贴",{"v":31200,"d":"31,200.00"},{"v":31200,"d":"31,200.00"},null,null,{"v":31200,"d":"31,200.00"}]
["合  计",{"$nulls":6},{"v":99057566.61,"d":"99,057,566.61"},{"v":23729143.26,"d":"23,729,143.26"},{"v":5712192.17,"d":"5,712,192.17"},null,{"v":18016951.09,"d":"18,016,951.09"},{"$nulls":5},{"v":75328423.35,"d":"75,328,423.35"},{"v":75328423.35,"d":"75,328,423.35"}]

{"sheet":"部门项目支出预算表05-1","index":7,"n_rows":39,"n_cols":23,"rows_kept":39,"merged":[[1,0,1,22],[2,0,2,8],[3,0,5,0],[3,1,5,1],[3,2,5,2],[3,3,5,3],[3,4,5,4],[3,5,5,5],[3,6,5,6],[3,7,5,7],[3,8,5,8],[3,9,3,12],[3,13,3,15],[3,16,5,16],[3,17,3,22],[4,9,4,10],[4,11,5,11],[4,12,5,12],[4,13,5,13],[4,14,5,14],[4,15,5,15],[4,17,5,17],[4,18,5,18],[4,19,5,19],[4,20,5,20],[4,21,5,21],[4,22,5,22],[38,0,38,7]]}
[{"$nulls":22},"预算05-1表"]
["2026年部门项目支出预算表"]
[{"$f":"\"单位名称：\"&\"云南省测绘工程院\"","v":"单位名称：云南省测绘工程院"},"单位名称：云南省测绘工程院",{"$nulls":20},"单位：元"]
["项目分类","项目代码","项目名称","项目单位","功能科目编码","功能科目名称","经济科目编码","经济科目名称","合计","本年拨款",{"$nulls":3},"财政拨款结转结余",null,null,"财政专户管理资金","单位资金"]
[{"$nulls":9},"一般公共预算",null,"政府性基金预算","国有资本经营预算","一般公共预算","政府性基金预算","国有资本经营预算",null,"小计","事业收入","事业单位\n经营收入","上级补助收入","附属单位上缴收入","其他收入"]
[{"$nulls":9},"小计","其中：本次下达"]
[1,2,3,4,5,6,7,8,9,10,11,12,13,14,15,16,17,18,19,20,21,22,23]
[null,null,"其他人员支出",{"$nulls":5},{"v":13784676,"d":"13,784,676.00"},{"v":12564676,"d":"12,564,676.00"},{"v":12564676,"d":"12,564,676.00"},{"$nulls":6},{"v":1220000,"d":"1,220,000.00"},{"v":1220000,"d":"1,220,000.00"}]
["民生类","530000231100001077118","其他人员支出","云南省测绘工程院","2200106","自然资源利用与保护","30199","其他工资福利支出",{"v":11114676,"d":"11,114,676.00"},{"v":11114676,"d":"11,114,676.00"},{"v":11114676,"d":"11,114,676.00"}]
["民生类","530000231100001077118","其他人员支出","云南省测绘工程院","2200129","基础测绘与地理信息监管","30199","其他工资福利支出",{"v":1450000,"d":"1,450,000.00"},{"v":1450000,"d":"1,450,000.00"},{"v":1450000,"d":"1,450,000.00"}]
["民生类","530000231100001077118","其他人员支出","云南省测绘工程院","2200150","事业运行","30199","其他工资福利支出",{"v":1220000,"d":"1,220,000.00"},{"$nulls":8},{"v":1220000,"d":"1,220,000.00"},{"v":1220000,"d":"1,220,000.00"}]
[null,null,"生产用电专项经费",{"$nulls":5},{"v":242000,"d":"242,000.00"},{"v":242000,"d":"242,000.00"},{"v":242000,"d":"242,000.00"}]
["其他运转类","530000231100001103483","生产用电专项经费","云南省测绘工程院","2200109","自然资源调查与确权登记","30206","电费",{"v":242000,"d":"242,000.00"},{"v":242000,"d":"242,000.00"},{"v":242000,"d":"242,000.00"}]
[null,null,"省级测绘地理信息专项经费",{"$nulls":5},{"v":4345376,"d":"4,345,376.00"},{"v":3910600,"d":"3,910,600.00"},{"v":3910600,"d":"3,910,600.00"},null,null,{"v":434776,"d":"434,776.00"}]
["事业发展类","530000210000000043702","省级测绘地理信息专项经费","云南省测绘工程院","2200129","基础测绘与地理信息监管","30202","印刷费",{"v":92500,"d":"92,500.00"},{"v":92500,"d":"92,500.00"},{"v":92500,"d":"92,500.00"}]
["事业发展类","530000210000000043702","省级测绘地理信息专项经费","云南省测绘工程院","2200129","基础测绘与地理信息监管","30211","差旅费",{"v":418396,"d":"418,396.00"},{"v":270900,"d":"270,900.00"},{"v":270900,"d":"270,900.00"},null,null,{"v":147496,"d":"147,496.00"}]
["事业发展类","530000210000000043702","省级测绘地理信息专项经费","云南省测绘工程院","2200129","基础测绘与地理信息监管","30213","维修（护）费",{"v":57100,"d":"57,100.00"},{"v":55000,"d":"55,000.00"},{"v":55000,"d":"55,000.00"},null,null,{"v":2100,"d":"2,100.00"}]
["事业发展类","530000210000000043702","省级测绘地理信息专项经费","云南省测绘工程院","2200129","基础测绘与地理信息监管","30218","专用材料费",{"v":127940,"d":"127,940.00"},{"v":107700,"d":"107,700.00"},{"v":107700,"d":"107,700.00"},null,null,{"v":20240,"d":"20,240.00"}]
["事业发展类","530000210000000043702","省级测绘地理信息专项经费","云南省测绘工程院","2200129","基础测绘与地理信息监管","30226","劳务费",{"v":708000,"d":"708,000.00"},{"v":708000,"d":"708,000.00"},{"v":708000,"d":"708,000.00"}]
["事业发展类","530000210000000043702","省级测绘地理信息专项经费","云南省测绘工程院","2200129","基础测绘与地理信息监管","30239","其他交通费用",{"v":798940,"d":"798,940.00"},{"v":534000,"d":"534,000.00"},{"v":534000,"d":"534,000.00"},null,null,{"v":264940,"d":"264,940.00"}]
["事业发展类","530000210000000043702","省级测绘地理信息专项经费","云南省测绘工程院","2200129","基础测绘与地理信息监管","31003","专用设备购置",{"v":1503500,"d":"1,503,500.00"},{"v":1503500,"d":"1,503,500.00"},{"v":1503500,"d":"1,503,500.00"}]
["事业发展类","530000210000000043702","省级测绘地理信息专项经费","云南省测绘工程院","2200129","基础测绘与地理信息监管","31007","信息网络及软件购置更新",{"v":639000,"d":"639,000.00"},{"v":639000,"d":"639,000.00"},{"v":639000,"d":"639,000.00"}]
[null,null,"事业单位野外作业用车经费项目",{"$nulls":5},{"v":500000,"d":"500,000.00"},{"$nulls":8},{"v":500000,"d":"500,000.00"},{"v":500000,"d":"500,000.00"}]
["公车购置及运维费","530000251100003885393","事业单位野外作业用车经费项目","云南省测绘工程院","2200150","事业运行","31013","公务用车购置",{"v":500000,"d":"500,000.00"},{"$nulls":8},{"v":500000,"d":"500,000.00"},{"v":500000,"d":"500,000.00"}]
[null,null,"云南省自然资源监测及核定项目经费",{"$nulls":5},{"v":2599690,"d":"2,599,690.00"},{"$nulls":4},{"v":2599690,"d":"2,599,690.00"}]
["事业发展类","530000210000000021724","自然资源保护与利用项目经费","云南省测绘工程院","2200109","自然资源调查与确权登记","30211","差旅费",{"v":910820,"d":"910,820.00"},{"$nulls":4},{"v":910820,"d":"910,820.00"}]
["事业发展类","530000210000000021724","自然资源保护与利用项目经费","云南省测绘工程院","2200109","自然资源调查与确权登记","30213","维修（护）费",{"v":42360,"d":"42,360.00"},{"$nulls":4},{"v":42360,"d":"42,360.00"}]
["事业发展类","530000210000000021724","自然资源保护与利用项目经费","云南省测绘工程院","2200109","自然资源调查与确权登记","30239","其他交通费用",{"v":1646510,"d":"1,646,510.00"},{"$nulls":4},{"v":1646510,"d":"1,646,510.00"}]
[null,null,"自然资源保护与利用项目经费",{"$nulls":5},{"v":18508000,"d":"18,508,000.00"},{"v":18508000,"d":"18,508,000.00"},{"v":18508000,"d":"18,508,000.00"}]
["事业发展类","530000210000000021724","自然资源保护与利用项目经费","云南省测绘工程院","2200109","自然资源调查与确权登记","30202","印刷费",{"v":67500,"d":"67,500.00"},{"v":67500,"d":"67,500.00"},{"v":67500,"d":"67,500.00"}]
["事业发展类","530000210000000021724","自然资源保护与利用项目经费","云南省测绘工程院","2200109","自然资源调查与确权登记","30207","邮电费",{"v":697110,"d":"697,110.00"},{"v":697110,"d":"697,110.00"},{"v":697110,"d":"697,110.00"}]
["事业发展类","530000210000000021724","自然资源保护与利用项目经费","云南省测绘工程院","2200109","自然资源调查与确权登记","30211","差旅费",{"v":1664100,"d":"1,664,100.00"},{"v":1664100,"d":"1,664,100.00"},{"v":1664100,"d":"1,664,100.00"}]
["事业发展类","530000210000000021724","自然资源保护与利用项目经费","云南省测绘工程院","2200109","自然资源调查与确权登记","30213","维修（护）费",{"v":980800,"d":"980,800.00"},{"v":980800,"d":"980,800.00"},{"v":980800,"d":"980,800.00"}]
["事业发展类","530000210000000021724","自然资源保护与利用项目经费","云南省测绘工程院","2200109","自然资源调查与确权登记","30218","专用材料费",{"v":148460,"d":"148,460.00"},{"v":148460,"d":"148,460.00"},{"v":148460,"d":"148,460.00"}]
["事业发展类","530000210000000021724","自然资源保护与利用项目经费","云南省测绘工程院","2200109","自然资源调查与确权登记","30239","其他交通费用",{"v":2830200,"d":"2,830,200.00"},{"v":2830200,"d":"2,830,200.00"},{"v":2830200,"d":"2,830,200.00"}]
["事业发展类","530000210000000021724","自然资源保护与利用项目经费","云南省测绘工程院","2200109","自然资源调查与确权登记","31002","办公设备购置",{"v":203200,"d":"203,200.00"},{"v":203200,"d":"203,200.00"},{"v":203200,"d":"203,200.00"}]
["事业发展类","530000210000000021724","自然资源保护与利用项目经费","云南省测绘工程院","2200109","自然资源调查与确权登记","31003","专用设备购置",{"v":7350630,"d":"7,350,630.00"},{"v":7350630,"d":"7,350,630.00"},{"v":7350630,"d":"7,350,630.00"}]
["事业发展类","530000210000000021724","自然资源保护与利用项目经费","云南省测绘工程院","2200109","自然资源调查与确权登记","31007","信息网络及软件购置更新",{"v":4566000,"d":"4,566,000.00"},{"v":4566000,"d":"4,566,000.00"},{"v":4566000,"d":"4,566,000.00"}]
["合  计",{"$nulls":7},{"v":39979742,"d":"39,979,742.00"},{"v":35225276,"d":"35,225,276.00"},{"v":35225276,"d":"35,225,276.00"},null,null,{"v":3034466,"d":"3,034,466.00"},{"$nulls":3},{"v":1720000,"d":"1,720,000.00"},{"v":1720000,"d":"1,720,000.00"}]

{"sheet":"部门项目支出绩效目标表05-2","index":8,"n_rows":38,"n_cols":10,"rows_kept":38,"merged":[[1,0,1,9],[2,0,2,7],[6,0,10,0],[6,1,10,1],[11,0,14,0],[11,1,14,1],[15,0,25,0],[15,1,25,1],[26,0,29,0],[26,1,29,1],[30,0,37,0],[30,1,37,1]]}
[{"$nulls":9},"预算05-2表"]
["2026年部门项目支出绩效目标表"]
[{"$f":"\"单位名称：\"&\"云南省测绘工程院\"","v":"单位名称：云南省测绘工程院"}]
["单位名称、项目名称","项目年度绩效目标","一级指标","二级指标","三级指标","指标性质","指标值","度量单位","指标属性","指标内容"]
[1,2,3,4,5,6,7,8,9,10]
["云南省测绘工程院"]
["事业单位野外作业用车经费项目","按相关采购标准完成2辆公务用车的采购。","产出指标","数量指标","采购公车数量",">=","2","辆","定量指标","保障野外工作顺利开展。"]
["事业单位野外作业用车经费项目","按相关采购标准完成2辆公务用车的采购。","产出指标","质量指标","验收通过率","=","100","%","定量指标","反映设备购置的产品质量情况。\n验收通过率=（通过验收的购置数量/购置总数量）*100%。"]
["事业单位野外作业用车经费项目","按相关采购标准完成2辆公务用车的采购。","产出指标","质量指标","购置设备利用率","=","100","%","定量指标","反映设备利用情况。\n设备利用率=（投入使用设备数/购置设备总数）*100%。"]
["事业单位野外作业用车经费项目","按相关采购标准完成2辆公务用车的采购。","效益指标","可持续影响","车辆使用年限",">=","8","年","定量指标","保障外业人员通勤，提升项目执行效率，满足公务用车使用年限。"]
["事业单位野外作业用车经费项目","按相关采购标准完成2辆公务用车的采购。","满意度指标","服务对象满意度","使用人员满意度",">=","90","%","定量指标","反映服务对象对购置设备的整体满意情况。\n使用人员满意度=（对购置设备满意的人数/问卷调查人数）*100%。"]
["其他人员支出","根据省自然资源厅年度下达任务及单位年度其他任务实施需要，统筹配置编外人力资源，配合开展省级测绘地理信息专项、自然资源保护与利用项目等工作，提高任务实施效率，保障项目按时按质完成，达到预期成效。","产出指标","数量指标","编外人员支出预算执行率",">=","95","%","定量指标","编外人员支出预算执行情况。"]
["其他人员支出","根据省自然资源厅年度下达任务及单位年度其他任务实施需要，统筹配置编外人力资源，配合开展省级测绘地理信息专项、自然资源保护与利用项目等工作，提高任务实施效率，保障项目按时按质完成，达到预期成效。","产出指标","时效指标","编外人员支出预算执行完成及时率","=","100","%","定量指标","编外人员支出预算执行与项目工期匹配情况。"]
["其他人员支出","根据省自然资源厅年度下达任务及单位年度其他任务实施需要，统筹配置编外人力资源，配合开展省级测绘地理信息专项、自然资源保护与利用项目等工作，提高任务实施效率，保障项目按时按质完成，达到预期成效。","效益指标","社会效益","保障厅下达、院级任务完成数",">=","3","项","定量指标","加强编外人员技术指导及培训，提升院编外技术人员业务能力，辅助开展地形级实景三维数据生产及建库、自然资源统一调查监测、新增耕地内外业核定等工作，保障厅下达重点任务、院承担的其他重要任务实施，达到预期成效。"]
["其他人员支出","根据省自然资源厅年度下达任务及单位年度其他任务实施需要，统筹配置编外人力资源，配合开展省级测绘地理信息专项、自然资源保护与利用项目等工作，提高任务实施效率，保障项目按时按质完成，达到预期成效。","满意度指标","服务对象满意度","服务对象满意度",">=","90","%","定量指标","反映编外人员对其他人员支撑经费执行的满意程度。"]
["自然资源保护与利用项目经费","一、2026年构建以“常规监测+年度变更”为内容的工作机制，完成昆明市、曲靖市、普洱市、文山州、怒江州、迪庆州等6个州市163400平方千米的常规监测和国土年度变更调查图斑提取任务，图斑提取数≥250000个；持续开展自然资源调查监测业务技术平台建设和维护工作，升级维护功能模块数≥3个；开展自然资源调查监测数据分析评价，完成自然资源调查监测数据分析评价成果报告至少1个，为自然资源保护与合理开发利用提供决策参考。\n二、2026年对州（市）上报的新增耕地项目进行内业复核和外业实地抽查工作。完成立项审核≥1400次、地类审核≥1400次，日常变更审核≥1400次、验收审核≥1400次、外业巡查项目≥120个；完成设施农业用地外业实地抽查项目≥80个，图斑数≥100个，负责云南省设施农业用地监管平台的运维，对各地备案、举证、审核开展技术指导和培训；服务耕地保护责任制考核，根据日常变更和年度变更成果，以每季度≥1次的频率动态测算省州县三级考核形势，支撑耕地保护决策。根据国家有关安排，测算省级可新入库恢复耕地指标规模上限，并分解至州县，对16个州（市）上报拟入库图斑开展审查。\n三、完成永久基本农田与退耕还林地块重叠、现状耕地与林草湿地管理范围重叠、耕地后备资源与造林绿化空间重叠处置规则的制定，处置全省耕地和林地草地湿地空间冲突；完成省级耕地保护红线优化调整规则的制定，更新全省耕地保护红线。\n四、开展节约集约类用地审查，坚持节约用地制度，严控增量、盘活存量，对报省政府、国家批准的51个单独选址预审项目、282个农用地转用和土地征收报件项目完成节约集约类用地辅助审查。","产出指标","数量指标","遥感监测提取变化图斑个数",">=","250000","个","定量指标","反映承担的国土变更调查及常规监测省级自主更新图斑数量。"]
["自然资源保护与利用项目经费","一、2026年构建以“常规监测+年度变更”为内容的工作机制，完成昆明市、曲靖市、普洱市、文山州、怒江州、迪庆州等6个州市163400平方千米的常规监测和国土年度变更调查图斑提取任务，图斑提取数≥250000个；持续开展自然资源调查监测业务技术平台建设和维护工作，升级维护功能模块数≥3个；开展自然资源调查监测数据分析评价，完成自然资源调查监测数据分析评价成果报告至少1个，为自然资源保护与合理开发利用提供决策参考。\n二、2026年对州（市）上报的新增耕地项目进行内业复核和外业实地抽查工作。完成立项审核≥1400次、地类审核≥1400次，日常变更审核≥1400次、验收审核≥1400次、外业巡查项目≥120个；完成设施农业用地外业实地抽查项目≥80个，图斑数≥100个，负责云南省设施农业用地监管平台的运维，对各地备案、举证、审核开展技术指导和培训；服务耕地保护责任制考核，根据日常变更和年度变更成果，以每季度≥1次的频率动态测算省州县三级考核形势，支撑耕地保护决策。根据国家有关安排，测算省级可新入库恢复耕地指标规模上限，并分解至州县，对16个州（市）上报拟入库图斑开展审查。\n三、完成永久基本农田与退耕还林地块重叠、现状耕地与林草湿管理范围重叠、耕地后备资源与造林绿化空间重叠处置规则的制定，处置全省耕地和林地草地湿地空间冲突；完成省级耕地保护红线优化调整规则的制定，更新全省耕地保护红线。\n四、开展节约集约类用地审查，坚持节约用地制度，严控增量、盘活存量，对报省政府、国家批准的51个单独选址预审项目、282个农用地转用和土地征收报件项目完成节约集约类用地辅助审查。","产出指标","数量指标","自然资源调查监测面积",">=","163400","平方千米","定量指标","反映承担的调查监测任务区域范围。包括昆明、曲靖、普洱、文山、怒江、迪庆6州（市）48个县（市、区）共计163400平方千米范围。"]
["自然资源保护与利用项目经费","一、2026年构建以“常规监测+年度变更”为内容的工作机制，完成昆明市、曲靖市、普洱市、文山州、怒江州、迪庆州等6个州市163400平方千米的常规监测和国土年度变更调查图斑提取任务，图斑提取数≥250000个；持续开展自然资源调查监测业务技术平台建设和维护工作，升级维护功能模块数≥3个；开展自然资源调查监测数据分析评价，完成自然资源调查监测数据分析评价成果报告至少1个，为自然资源保护与合理开发利用提供决策参考。\n二、2026年对州（市）上报的新增耕地项目进行内业复核和外业实地抽查工作。完成立项审核≥1400次、地类审核≥1400次，日常变更审核≥1400次、验收审核≥1400次、外业巡查项目≥120个；完成设施农业用地外业实地抽查项目≥80个，图斑数≥100个，负责云南省设施农业用地监管平台的运维，对各地备案、举证、审核开展技术指导和培训；服务耕地保护责任制考核，根据日常变更和年度变更成果，以每季度≥1次的频率动态测算省州县三级考核形势，支撑耕地保护决策。根据国家有关安排，测算省级可新入库恢复耕地指标规模上限，并分解至州县，对16个州（市）上报拟入库图斑开展审查。\n三、完成永久基本农田与退耕还林地块重叠、现状耕地与林草湿管理范围重叠、耕地后备资源与造林绿化空间重叠处置规则的制定，处置全省耕地和林地草地湿地空间冲突；完成省级耕地保护红线优化调整规则的制定，更新全省耕地保护红线。\n四、开展节约集约类用地审查，坚持节约用地制度，严控增量、盘活存量，对报省政府、国家批准的51个单独选址预审项目、282个农用地转用和土地征收报件项目完成节约集约类用地辅助审查。","产出指标","数量指标","调查监测业务软件升级维护模块数",">=","3","个","定量指标","针对调查监测数据建库、统计分析、外业举证与核查等业务生产需要，对软件相关功能模块进行升级维护，保障调查监测业务需求。"]
["自然资源保护与利用项目经费","一、2026年构建以“常规监测+年度变更”为内容的工作机制，完成昆明市、曲靖市、普洱市、文山州、怒江州、迪庆州等6个州市163400平方千米的常规监测和国土年度变更调查图斑提取任务，图斑提取数≥250000个；持续开展自然资源调查监测业务技术平台建设和维护工作，升级维护功能模块数≥3个；开展自然资源调查监测数据分析评价，完成自然资源调查监测数据分析评价成果报告至少1个，为自然资源保护与合理开发利用提供决策参考。\n二、2026年对州（市）上报的新增耕地项目进行内业复核和外业实地抽查工作。完成立项审核≥1400次、地类审核≥1400次，日常变更审核≥1400次、验收审核≥1400次、外业巡查项目≥120个；完成设施农业用地外业实地抽查项目≥80个，图斑数≥100个，负责云南省设施农业用地监管平台的运维，对各地备案、举证、审核开展技术指导和培训；服务耕地保护责任制考核，根据日常变更和年度变更成果，以每季度≥1次的频率动态测算省州县三级考核形势，支撑耕地保护决策。根据国家有关安排，测算省级可新入库恢复耕地指标规模上限，并分解至州县，对16个州（市）上报拟入库图斑开展审查。\n三、完成永久基本农田与退耕还林地块重叠、现状耕地与林草湿管理范围重叠、耕地后备资源与造林绿化空间重叠处置规则的制定，处置全省耕地和林地草地湿地空间冲突；完成省级耕地保护红线优化调整规则的制定，更新全省耕地保护红线。\n四、开展节约集约类用地审查，坚持节约用地制度，严控增量、盘活存量，对报省政府、国家批准的51个单独选址预审项目、282个农用地转用和土地征收报件项目完成节约集约类用地辅助审查。","产出指标","数量指标","新增耕地内业审核次数",">=","1400","次","定量指标","反映新增耕地省级核查项目完成情况。"]
["自然资源保护与利用项目经费","一、2026年构建以“常规监测+年度变更”为内容的工作机制，完成昆明市、曲靖市、普洱市、文山州、怒江州、迪庆州等6个州市163400平方千米的常规监测和国土年度变更调查图斑提取任务，图斑提取数≥250000个；持续开展自然资源调查监测业务技术平台建设和维护工作，升级维护功能模块数≥3个；开展自然资源调查监测数据分析评价，完成自然资源调查监测数据分析评价成果报告至少1个，为自然资源保护与合理开发利用提供决策参考。\n二、2026年对州（市）上报的新增耕地项目进行内业复核和外业实地抽查工作。完成立项审核≥1400次、地类审核≥1400次，日常变更审核≥1400次、验收审核≥1400次、外业巡查项目≥120个；完成设施农业用地外业实地抽查项目≥80个，图斑数≥100个，负责云南省设施农业用地监管平台的运维，对各地备案、举证、审核开展技术指导和培训；服务耕地保护责任制考核，根据日常变更和年度变更成果，以每季度≥1次的频率动态测算省州县三级考核形势，支撑耕地保护决策。根据国家有关安排，测算省级可新入库恢复耕地指标规模上限，并分解至州县，对16个州（市）上报拟入库图斑开展审查。\n三、完成永久基本农田与退耕还林地块重叠、现状耕地与林草湿管理范围重叠、耕地后备资源与造林绿化空间重叠处置规则的制定，处置全省耕地和林地草地湿地空间冲突；完成省级耕地保护红线优化调整规则的制定，更新全省耕地保护红线。\n四、开展节约集约类用地审查，坚持节约用地制度，严控增量、盘活存量，对报省政府、国家批准的51个单独选址预审项目、282个农用地转用和土地征收报件项目完成节约集约类用地辅助审查。","产出指标","数量指标","新增耕地外业巡查项目数",">=","120","个","定量指标","反映新增耕地省级核查项目完成情况。"]
["自然资源保护与利用项目经费","一、2026年构建以“常规监测+年度变更”为内容的工作机制，完成昆明市、曲靖市、普洱市、文山州、怒江州、迪庆州等6个州市163400平方千米的常规监测和国土年度变更调查图斑提取任务，图斑提取数≥250000个；持续开展自然资源调查监测业务技术平台建设和维护工作，升级维护功能模块数≥3个；开展自然资源调查监测数据分析评价，完成自然资源调查监测数据分析评价成果报告至少1个，为自然资源保护与合理开发利用提供决策参考。\n二、2026年对州（市）上报的新增耕地项目进行内业复核和外业实地抽查工作。完成立项审核≥1400次、地类审核≥1400次，日常变更审核≥1400次、验收审核≥1400次、外业巡查项目≥120个；完成设施农业用地外业实地抽查项目≥80个，图斑数≥100个，负责云南省设施农业用地监管平台的运维，对各地备案、举证、审核开展技术指导和培训；服务耕地保护责任制考核，根据日常变更和年度变更成果，以每季度≥1次的频率动态测算省州县三级考核形势，支撑耕地保护决策。根据国家有关安排，测算省级可新入库恢复耕地指标规模上限，并分解至州县，对16个州（市）上报拟入库图斑开展审查。\n三、完成永久基本农田与退耕还林地块重叠、现状耕地与林草湿管理范围重叠、耕地后备资源与造林绿化空间重叠处置规则的制定，处置全省耕地和林地草地湿地空间冲突；完成省级耕地保护红线优化调整规则的制定，更新全省耕地保护红线。\n四、开展节约集约类用地审查，坚持节约用地制度，严控增量、盘活存量，对报省政府、国家批准的51个单独选址预审项目、282个农用地转用和土地征收报件项目完成节约集约类用地辅助审查。","产出指标","数量指标","设施农业用地外业巡查项目个数",">=","80","个","定量指标","反映设施农业用地外业巡查项目数量。"]
["自然资源保护与利用项目经费","一、2026年构建以“常规监测+年度变更”为内容的工作机制，完成昆明市、曲靖市、普洱市、文山州、怒江州、迪庆州等6个州市163400平方千米的常规监测和国土年度变更调查图斑提取任务，图斑提取数≥250000个；持续开展自然资源调查监测业务技术平台建设和维护工作，升级维护功能模块数≥3个；开展自然资源调查监测数据分析评价，完成自然资源调查监测数据分析评价成果报告至少1个，为自然资源保护与合理开发利用提供决策参考。\n二、2026年对州（市）上报的新增耕地项目进行内业复核和外业实地抽查工作。完成立项审核≥1400次、地类审核≥1400次，日常变更审核≥1400次、验收审核≥1400次、外业巡查项目≥120个；完成设施农业用地外业实地抽查项目≥80个，图斑数≥100个，负责云南省设施农业用地监管平台的运维，对各地备案、举证、审核开展技术指导和培训；服务耕地保护责任制考核，根据日常变更和年度变更成果，以每季度≥1次的频率动态测算省州县三级考核形势，支撑耕地保护决策。根据国家有关安排，测算省级可新入库恢复耕地指标规模上限，并分解至州县，对16个州（市）上报拟入库图斑开展审查。\n三、完成永久基本农田与退耕还林地块重叠、现状耕地与林草湿管理范围重叠、耕地后备资源与造林绿化空间重叠处置规则的制定，处置全省耕地和林地草地湿地空间冲突；完成省级耕地保护红线优化调整规则的制定，更新全省耕地保护红线。\n四、开展节约集约类用地审查，坚持节约用地制度，严控增量、盘活存量，对报省政府、国家批准的51个单独选址预审项目、282个农用地转用和土地征收报件项目完成节约集约类用地辅助审查。","产出指标","数量指标","节约集约类用地辅助审查项目数",">=","333","个","定量指标","反映用地审查项目完成情况。"]
["自然资源保护与利用项目经费","一、2026年构建以“常规监测+年度变更”为内容的工作机制，完成昆明市、曲靖市、普洱市、文山州、怒江州、迪庆州等6个州市163400平方千米的常规监测和国土年度变更调查图斑提取任务，图斑提取数≥250000个；持续开展自然资源调查监测业务技术平台建设和维护工作，升级维护功能模块数≥3个；开展自然资源调查监测数据分析评价，完成自然资源调查监测数据分析评价成果报告至少1个，为自然资源保护与合理开发利用提供决策参考。\n二、2026年对州（市）上报的新增耕地项目进行内业复核和外业实地抽查工作。完成立项审核≥1400次、地类审核≥1400次，日常变更审核≥1400次、验收审核≥1400次、外业巡查项目≥120个；完成设施农业用地外业实地抽查项目≥80个，图斑数≥100个，负责云南省设施农业用地监管平台的运维，对各地备案、举证、审核开展技术指导和培训；服务耕地保护责任制考核，根据日常变更和年度变更成果，以每季度≥1次的频率动态测算省州县三级考核形势，支撑耕地保护决策。根据国家有关安排，测算省级可新入库恢复耕地指标规模上限，并分解至州县，对16个州（市）上报拟入库图斑开展审查。\n三、完成永久基本农田与退耕还林地块重叠、现状耕地与林草湿管理范围重叠、耕地后备资源与造林绿化空间重叠处置规则的制定，处置全省耕地和林地草地湿地空间冲突；完成省级耕地保护红线优化调整规则的制定，更新全省耕地保护红线。\n四、开展节约集约类用地审查，坚持节约用地制度，严控增量、盘活存量，对报省政府、国家批准的51个单独选址预审项目、282个农用地转用和土地征收报件项目完成节约集约类用地辅助审查。","产出指标","质量指标","年度变更、监测图斑提取合格率","=","100","%","定量指标","考察成果是否符合省级评定的质量要求。"]
["自然资源保护与利用项目经费","一、2026年构建以“常规监测+年度变更”为内容的工作机制，完成昆明市、曲靖市、普洱市、文山州、怒江州、迪庆州等6个州市163400平方千米的常规监测和国土年度变更调查图斑提取任务，图斑提取数≥250000个；持续开展自然资源调查监测业务技术平台建设和维护工作，升级维护功能模块数≥3个；开展自然资源调查监测数据分析评价，完成自然资源调查监测数据分析评价成果报告至少1个，为自然资源保护与合理开发利用提供决策参考。\n二、2026年对州（市）上报的新增耕地项目进行内业复核和外业实地抽查工作。完成立项审核≥1400次、地类审核≥1400次，日常变更审核≥1400次、验收审核≥1400次、外业巡查项目≥120个；完成设施农业用地外业实地抽查项目≥80个，图斑数≥100个，负责云南省设施农业用地监管平台的运维，对各地备案、举证、审核开展技术指导和培训；服务耕地保护责任制考核，根据日常变更和年度变更成果，以每季度≥1次的频率动态测算省州县三级考核形势，支撑耕地保护决策。根据国家有关安排，测算省级可新入库恢复耕地指标规模上限，并分解至州县，对16个州（市）上报拟入库图斑开展审查。\n三、完成永久基本农田与退耕还林地块重叠、现状耕地与林草湿管理范围重叠、耕地后备资源与造林绿化空间重叠处置规则的制定，处置全省耕地和林地草地湿地空间冲突；完成省级耕地保护红线优化调整规则的制定，更新全省耕地保护红线。\n四、开展节约集约类用地审查，坚持节约用地制度，严控增量、盘活存量，对报省政府、国家批准的51个单独选址预审项目、282个农用地转用和土地征收报件项目完成节约集约类用地辅助审查。","产出指标","时效指标","成果提交及时率","=","100","%","定量指标","考察项目经检查通过的合格成果最终是否按时提交。"]
["自然资源保护与利用项目经费","一、2026年构建以“常规监测+年度变更”为内容的工作机制，完成昆明市、曲靖市、普洱市、文山州、怒江州、迪庆州等6个州市163400平方千米的常规监测和国土年度变更调查图斑提取任务，图斑提取数≥250000个；持续开展自然资源调查监测业务技术平台建设和维护工作，升级维护功能模块数≥3个；开展自然资源调查监测数据分析评价，完成自然资源调查监测数据分析评价成果报告至少1个，为自然资源保护与合理开发利用提供决策参考。\n二、2026年对州（市）上报的新增耕地项目进行内业复核和外业实地抽查工作。完成立项审核≥1400次、地类审核≥1400次，日常变更审核≥1400次、验收审核≥1400次、外业巡查项目≥120个；完成设施农业用地外业实地抽查项目≥80个，图斑数≥100个，负责云南省设施农业用地监管平台的运维，对各地备案、举证、审核开展技术指导和培训；服务耕地保护责任制考核，根据日常变更和年度变更成果，以每季度≥1次的频率动态测算省州县三级考核形势，支撑耕地保护决策。根据国家有关安排，测算省级可新入库恢复耕地指标规模上限，并分解至州县，对16个州（市）上报拟入库图斑开展审查。\n三、完成永久基本农田与退耕还林地块重叠、现状耕地与林草湿管理范围重叠、耕地后备资源与造林绿化空间重叠处置规则的制定，处置全省耕地和林地草地湿地空间冲突；完成省级耕地保护红线优化调整规则的制定，更新全省耕地保护红线。\n四、开展节约集约类用地审查，坚持节约用地制度，严控增量、盘活存量，对报省政府、国家批准的51个单独选址预审项目、282个农用地转用和土地征收报件项目完成节约集约类用地辅助审查。","效益指标","社会效益","提供成果应用服务单位数量",">=","5","个","定量指标","反映自然资源调查监测成果提供各行业、部门使用，提供服务的情况。"]
["自然资源保护与利用项目经费","一、2026年构建以“常规监测+年度变更”为内容的工作机制，完成昆明市、曲靖市、普洱市、文山州、怒江州、迪庆州等6个州市163400平方千米的常规监测和国土年度变更调查图斑提取任务，图斑提取数≥250000个；持续开展自然资源调查监测业务技术平台建设和维护工作，升级维护功能模块数≥3个；开展自然资源调查监测数据分析评价，完成自然资源调查监测数据分析评价成果报告至少1个，为自然资源保护与合理开发利用提供决策参考。\n二、2026年对州（市）上报的新增耕地项目进行内业复核和外业实地抽查工作。完成立项审核≥1400次、地类审核≥1400次，日常变更审核≥1400次、验收审核≥1400次、外业巡查项目≥120个；完成设施农业用地外业实地抽查项目≥80个，图斑数≥100个，负责云南省设施农业用地监管平台的运维，对各地备案、举证、审核开展技术指导和培训；服务耕地保护责任制考核，根据日常变更和年度变更成果，以每季度≥1次的频率动态测算省州县三级考核形势，支撑耕地保护决策。根据国家有关安排，测算省级可新入库恢复耕地指标规模上限，并分解至州县，对16个州（市）上报拟入库图斑开展审查。\n三、完成永久基本农田与退耕还林地块重叠、现状耕地与林草湿管理范围重叠、耕地后备资源与造林绿化空间重叠处置规则的制定，处置全省耕地和林地草地湿地空间冲突；完成省级耕地保护红线优化调整规则的制定，更新全省耕地保护红线。\n四、开展节约集约类用地审查，坚持节约用地制度，严控增量、盘活存量，对报省政府、国家批准的51个单独选址预审项目、282个农用地转用和土地征收报件项目完成节约集约类用地辅助审查。","满意度指标","服务对象满意度","服务对象满意度",">=","90","%","定量指标","反映服务对象满意度情况。"]
["生产用电专项经费","合理测算本年度调查监测业务技术平台及相关基础支撑环境用电需求，以集约、节约为原则，制订用电计划，保障调查监测业务技术平台稳定、良好运行，支撑云南省三维立体时空数据库建设、云调查平台等各应用系统正常运行，为全省调查监测体系构建提供坚实的技术服务和平台保障。","产出指标","数量指标","平台正常供电时长",">=","30","天","定量指标","反映持续正常供电能力，保障平台稳定运行。"]
["生产用电专项经费","合理测算本年度调查监测业务技术平台及相关基础支撑环境用电需求，以集约、节约为原则，制定用电计划，保障调查监测业务技术平台稳定、良好运行，支撑云南省三维立体时空数据库建设、云调查平台等各应用系统正常运行，为全省调查监测体系构建提供坚实的技术服务和平台保障。","产出指标","时效指标","用电故障解决时长","<=","3","小时","定量指标","反映用电故障后恢复供电响应时效。"]
["生产用电专项经费","合理测算本年度调查监测业务技术平台及相关基础支撑环境用电需求，以集约、节约为原则，制定用电计划，保障调查监测业务技术平台稳定、良好运行，支撑云南省三维立体时空数据库建设、云调查平台等各应用系统正常运行，为全省调查监测体系构建提供坚实的技术服务和平台保障。","效益指标","社会效益","平台全年正常运行天数",">=","347","天","定量指标","反映是否为调查监测业务技术平台相关软硬件环境正常用电提供保障。"]
["生产用电专项经费","合理测算本年度调查监测业务技术平台及相关基础支撑环境用电需求，以集约、节约为原则，制定用电计划，保障调查监测业务技术平台稳定、良好运行，支撑云南省三维立体时空数据库建设、云调查平台等各应用系统正常运行，为全省调查监测体系构建提供坚实的技术服务和平台保障。","满意度指标","服务对象满意度","服务对象满意度",">=","90","%","定量指标","反映业务平台使用对象关于平台连续运行、稳定服务的满意度情况。"]
["省级测绘地理信息专项经费","一、开展1:1万DLG核心要素更新内业处理生产，完成3.9万平方千米1:1万DLG核心要素更新内业处理生产。\n二、开展地理实体数据生产，完成3.9万平方千米地形级基础地理实体转换生产。\n三、开展地形级实景三维数据生产及建库工作，完成6.5万平方千米基础地理实体数据库建设。\n四、持续开展省级测量标志巡查，完成268个测量标志巡查工作。","产出指标","数量指标","1:1万DLG更新内业生产面积",">=","39000","平方千米","定量指标","反映1:1万DLG核心要素更新内业处理生产工作量。按照生产后形成的标准分幅1:1万DLG成果覆盖面积计算。"]
["省级测绘地理信息专项经费","一、开展1:1万DLG核心要素更新内业处理生产，完成3.9万平方千米1:1万DLG核心要素更新内业处理生产。\n二、开展地理实体数据生产，完成3.9万平方千米地形级基础地理实体转换生产。\n三、开展地形级实景三维数据生产及建库工作，完成6.5万平方千米基础地理实体数据库建设。\n四、持续开展省级测量标志巡查，完成268个测量标志巡查工作。","产出指标","数量指标","地形级基础地理实体转换生产面积",">=","39000","平方千米","定量指标","反映地形级基础地理实体转换生产工作量。按照生产后形成的地理实体覆盖面积计算。"]
["省级测绘地理信息专项经费","一、开展1:1万DLG核心要素更新内业处理生产，完成3.9万平方千米1:1万DLG核心要素更新内业处理生产。\n二、开展地理实体数据生产，完成3.9万平方千米地形级基础地理实体转换生产。\n三、开展地形级实景三维数据生产及建库工作，完成6.5万平方千米基础地理实体数据库建设。\n四、持续开展省级测量标志巡查，完成268个测量标志巡查工作。","产出指标","数量指标","基础地理实体数据库建设面积",">=","65000","平方千米","定量指标","反映基础地理实体数据库建设工作量。按照生产后形成的基础地理实体数据库覆盖面积计算。"]
["省级测绘地理信息专项经费","一、开展1:1万DLG核心要素更新内业处理生产，完成3.9万平方千米1:1万DLG核心要素更新内业处理生产。\n二、开展地理实体数据生产，完成3.9万平方千米地形级基础地理实体转换生产。\n三、开展地形级实景三维数据生产及建库工作，完成6.5万平方千米基础地理实体数据库建设。\n四、持续开展省级测量标志巡查，完成268个测量标志巡查工作。","产出指标","数量指标","测量标志巡查点数",">=","268","个","定量指标","反映测量标志巡查工作完成情况。测量标志管理数据资料收集、整理、入库工作，统计最终完成巡查及维护的测量标志点数。"]
["省级测绘地理信息专项经费","一、开展1:1万DLG核心要素更新内业处理生产，完成3.9万平方千米1:1万DLG核心要素更新内业处理生产。\n二、开展地理实体数据生产，完成3.9万平方千米地形级基础地理实体转换生产。\n三、开展地形级实景三维数据生产及建库工作，完成6.5万平方千米基础地理实体数据库建设。\n四、持续开展省级测量标志巡查，完成268个测量标志巡查工作。","产出指标","质量指标","项目成果质量检查合格率","=","100","%","定量指标","通过检查后成果质量合格率为100%，反映项目成果总体质量。"]
["省级测绘地理信息专项经费","一、开展1:1万DLG核心要素更新内业处理生产，完成3.9万平方千米1:1万DLG核心要素更新内业处理生产。\n二、开展地理实体数据生产，完成3.9万平方千米地形级基础地理实体转换生产。\n三、开展地形级实景三维数据生产及建库工作，完成6.5万平方千米基础地理实体数据库建设。\n四、持续开展省级测量标志巡查，完成268个测量标志巡查工作。","产出指标","时效指标","项目成果提交及时率","=","100","%","定量指标","反映项目经检查通过的合格成果最终是否按时提交。"]
["省级测绘地理信息专项经费","一、开展1:1万DLG核心要素更新内业处理生产，完成3.9万平方千米1:1万DLG核心要素更新内业处理生产。\n二、开展地理实体数据生产，完成3.9万平方千米地形级基础地理实体转换生产。\n三、开展地形级实景三维数据生产及建库工作，完成6.5万平方千米基础地理实体数据库建设。\n四、持续开展省级测量标志巡查，完成268个测量标志巡查工作。","效益指标","社会效益","提供测绘成果服务部门数量",">=","5","个","定量指标","反映项目成果应用服务情况。成果是否为自然资源、交通、水利、能源等重大工程或基础设施建设项目提供数据支撑。"]
["省级测绘地理信息专项经费","一、开展1:1万DLG核心要素更新内业处理生产，完成3.9万平方千米1:1万DLG核心要素更新内业处理生产。\n二、开展地理实体数据生产，完成3.9万平方千米地形级基础地理实体转换生产。\n三、开展地形级实景三维数据生产及建库工作，完成6.5万平方千米基础地理实体数据库建设。\n四、持续开展省级测量标志巡查，完成268个测量标志巡查工作。","满意度指标","服务对象满意度","测绘成果使用满意度",">=","90","%","定量指标","反映项目成果使用单位对成果的满意度情况。"]

{"sheet":"部门政府性基金预算表06","index":9,"n_rows":9,"n_cols":6,"rows_kept":9,"merged":[[1,0,1,5],[3,0,4,0],[3,1,4,1],[3,2,4,2],[3,3,3,5],[7,0,7,2]]}
[{"$nulls":5},"预算06表"]
["2026年政府性基金预算支出预算表"]
[{"$f":"\"单位名称：\"&\"云南省测绘工程院\"","v":"单位名称：云南省测绘工程院"},{"$nulls":4},"单位:元"]
["单位名称","科目编码","科目名称","政府性基金预算支出"]
[{"$nulls":3},"合计","基本支出","项目支出"]
[1,2,3,4,5,6]
[]
["合  计",null,"合  计"]
["备注：此表为空表"]

{"sheet":"部门政府采购预算表07","index":10,"n_rows":140,"n_cols":17,"rows_kept":140,"merged":[[1,0,1,16],[2,0,2,5],[3,0,5,0],[3,1,5,1],[3,2,5,2],[3,3,5,3],[3,4,5,4],[3,5,5,5],[3,6,3,16],[4,6,5,6],[4,7,5,7],[4,8,5,8],[4,9,5,9],[4,10,5,10],[4,11,4,16],[139,0,139,4]]}
[{"$nulls":16},"预算07表"]
["2026年部门政府采购预算表"]
[{"$f":"\"单位名称：\"&\"云南省测绘工程院\"","v":"单位名称：云南省测绘工程院"},{"$nulls":15},"单位：元"]
["预算项目","采购项目","采购品目","计量\n单位","数量","面向中小企业预留资金","资金来源"]
[{"$nulls":6},"合计","一般公共预算","政府性\n基金","国有资本经营收益","财政专户管理的收入","单位自筹"]
[{"$nulls":7},"小计",{"$nulls":3},"小计","事业收入","事业单位\n经营收入","上级补助收入","附属单位上缴收入","其他收入"]
[1,2,3,4,5,6,7,8,9,10,11,12,13,14,15,16,17]
["云南省测绘工程院",{"$nulls":4},{"v":12404530,"d":"12,404,530.00"},{"v":39663820,"d":"39,663,820.00"},{"v":20343250,"d":"20,343,250.00"},{"$nulls":3},{"v":19320570,"d":"19,320,570.00"},{"v":19320570,"d":"19,320,570.00"}]
["自然资源保护与利用项目经费","云南省自然资源统一调查监测网络安全维保","C16070400 安全运维服务","项",1,null,{"v":600000,"d":"600,000.00"},{"v":600000,"d":"600,000.00"}]
["自然资源保护与利用项目经费","节约集约类用地审查租车费（含：车辆行驶费）","C23110300 车辆及其他运输机械租赁服务","项",180,{"v":160200,"d":"160,200.00"},{"v":160200,"d":"160,200.00"},{"v":160200,"d":"160,200.00"}]
["自然资源保护与利用项目经费","新增、补充耕地核定项目租车费（含：车辆行驶费）","C23110300 车辆及其他运输机械租赁服务","项",{"v":1800,"d":"1,800"},null,{"v":1602000,"d":"1,602,000.00"},{"v":1602000,"d":"1,602,000.00"}]
["自然资源保护与利用项目经费","云南省耕地和林地草地湿地空间冲突处理租车费（含：车辆行驶费）","C23110300 车辆及其他运输机械租赁服务","项",240,{"v":213600,"d":"213,600.00"},{"v":213600,"d":"213,600.00"},{"v":213600,"d":"213,600.00"}]
["自然资源保护与利用项目经费","云南省自然资源统一调查监测租车费（含：车辆行驶费）","C23110300 车辆及其他运输机械租赁服务","项",960,{"v":854400,"d":"854,400.00"},{"v":854400,"d":"854,400.00"},{"v":854400,"d":"854,400.00"}]
["自然资源保护与利用项目经费","统一调查监测项目“云南省自然资源无人机监测巡查管理平台”升级维护软件","A08020199 其他非专利技术","套",4,null,{"v":800000,"d":"800,000.00"},{"v":800000,"d":"800,000.00"}]
["自然资源保护与利用项目经费","统一调查监测项目调查监测智能感知系统","A08020199 其他非专利技术","项",1,null,{"v":800000,"d":"800,000.00"},{"v":800000,"d":"800,000.00"}]
["自然资源保护与利用项目经费","新增、补充耕地核定项目空间大数据分析处理引擎","A08020199 其他非专利技术","项",1,null,{"v":960000,"d":"960,000.00"},{"v":960000,"d":"960,000.00"}]
["自然资源保护与利用项目经费","新增、补充耕地核定项目云调查平台升级维护软件定制（AI审核、资源库、国家接口、分析评价）","A08020199 其他非专利技术","项",1,null,{"v":1580000,"d":"1,580,000.00"},{"v":1580000,"d":"1,580,000.00"}]
["自然资源保护与利用项目经费","新增、补充耕地项目视频物联感知汇聚与轻量化模块构建软件定制","A08020199 其他非专利技术","项",1,null,{"v":360000,"d":"360,000.00"},{"v":360000,"d":"360,000.00"}]
["自然资源保护与利用项目经费","云南省耕地和林地草地湿地空间冲突处理制图测绘软件","A08020199 其他非专利技术","项",1,null,{"v":66000,"d":"66,000.00"},{"v":66000,"d":"66,000.00"}]
["自然资源保护与利用项目经费","“一张图”建设耕地和林地草地湿地空间冲突处理激光雷达镜头","A02439900 其他航空器及其配套设备","个",1,null,{"v":98000,"d":"98,000.00"},{"v":98000,"d":"98,000.00"}]
["自然资源保护与利用项目经费","“一张图”建设耕地和林地草地湿地空间冲突处理可见光镜头","A02439900 其他航空器及其配套设备","个",1,null,{"v":36000,"d":"36,000.00"},{"v":36000,"d":"36,000.00"}]
["自然资源保护与利用项目经费","“一张图”建设耕地和林地草地湿地空间冲突处理行业级无人机","A02439900 其他航空器及其配套设备","架",1,null,{"v":110000,"d":"110,000.00"},{"v":110000,"d":"110,000.00"}]
["自然资源保护与利用项目经费","“一张图”建设耕地和林地草地湿地空间冲突处理云平台内存扩容","A02010699 其他机房辅助设备","项",120,null,{"v":420000,"d":"420,000.00"},{"v":420000,"d":"420,000.00"}]
["自然资源保护与利用项目经费","新增、补充耕地核定项目分布式存储扩容","A02010699 其他机房辅助设备","项",1,null,{"v":840000,"d":"840,000.00"},{"v":840000,"d":"840,000.00"}]
["自然资源保护与利用项目经费","新增、补充耕地核定项目模块化机柜增扩","A02010699 其他机房辅助设备","项",1,null,{"v":911800,"d":"911,800.00"},{"v":911800,"d":"911,800.00"}]
["自然资源保护与利用项目经费","新增、补充耕地核定项目云平台服务器节点扩容","A02010699 其他机房辅助设备","项",3,null,{"v":960000,"d":"960,000.00"},{"v":960000,"d":"960,000.00"}]
["自然资源保护与利用项目经费","云南省耕地和林地草地湿地空间冲突处理楼层线缆扩容","A02010699 其他机房辅助设备","项",1,null,{"v":89330,"d":"89,330.00"},{"v":89330,"d":"89,330.00"}]
["自然资源保护与利用项目经费","云南省自然资源统一调查监测高密重建算力服务器增扩","A02010699 其他机房辅助设备","项",1,null,{"v":1200000,"d":"1,200,000.00"},{"v":1200000,"d":"1,200,000.00"}]
["自然资源保护与利用项目经费","“一张图”建设耕地和林地草地湿地空间冲突处理手持激光扫描仪","A02079900 其他雷达和无线电导航设备","套",1,null,{"v":200000,"d":"200,000.00"},{"v":200000,"d":"200,000.00"}]
["自然资源保护与利用项目经费","新增、补充耕地核定项目视频会议系统","A02080805 视频会议系统及会议室音频系统","套",1,null,{"v":203200,"d":"203,200.00"},{"v":203200,"d":"203,200.00"}]
["自然资源保护与利用项目经费","“一张图”建设耕地和林地草地湿地空间冲突处理图形工作站","A02010107 图形工作站","台",5,null,{"v":228500,"d":"228,500.00"},{"v":228500,"d":"228,500.00"}]
["自然资源保护与利用项目经费","节约集约类用地审查图形工作站","A02010107 图形工作站","台",10,null,{"v":457000,"d":"457,000.00"},{"v":457000,"d":"457,000.00"}]
["自然资源保护与利用项目经费","云南省自然资源统一调查监测1000M互联网专线","C17010200 网络接入服务","项",16,null,{"v":272000,"d":"272,000.00"},{"v":272000,"d":"272,000.00"}]
["自然资源保护与利用项目经费","云南省自然资源统一调查监测1000M专线","C17010200 网络接入服务","项",12,null,{"v":240000,"d":"240,000.00"},{"v":240000,"d":"240,000.00"}]
["自然资源保护与利用项目经费","云南省自然资源统一调查监测200M电路","C17010200 网络接入服务","项",12,null,{"v":24000,"d":"24,000.00"},{"v":24000,"d":"24,000.00"}]
["自然资源保护与利用项目经费","云南省自然资源统一调查监测视频通话服务","C17010200 网络接入服务","项",12,null,{"v":36360,"d":"36,360.00"},{"v":36360,"d":"36,360.00"}]
["自然资源保护与利用项目经费","云南省自然资源统一调查监测自然资源专线100M","C17010200 网络接入服务","项",15,null,{"v":36000,"d":"36,000.00"},{"v":36000,"d":"36,000.00"}]
["自然资源保护与利用项目经费","云南省自然资源统一调查监测无人机机场","A02430900 无人机","套",12,null,{"v":1800000,"d":"1,800,000.00"},{"v":1800000,"d":"1,800,000.00"}]
["自然资源保护与利用项目经费","“一张图”建设耕地和林地草地湿地空间冲突处理成果成图（幅面620mm×841mm）","C23090100 印刷服务","项",58,{"v":2900,"d":"2,900.00"},{"v":2900,"d":"2,900.00"},{"v":2900,"d":"2,900.00"}]
["自然资源保护与利用项目经费","“一张图”建设耕地和林地草地湿地空间冲突处理工作用图（幅面1500mm×1200m）","C23090100 印刷服务","项",8,{"v":4000,"d":"4,000.00"},{"v":4000,"d":"4,000.00"},{"v":4000,"d":"4,000.00"}]
["自然资源保护与利用项目经费","“一张图”建设耕地和林地草地湿地空间冲突处理文本资料打印、装订费","C23090100 印刷服务","项",38,{"v":1140,"d":"1,140.00"},{"v":1140,"d":"1,140.00"},{"v":1140,"d":"1,140.00"}]
["自然资源保护与利用项目经费","节约集约类用地审查成果成图（幅面620mm×841mm）","C23090100 印刷服务","项",440,{"v":22000,"d":"22,000.00"},{"v":22000,"d":"22,000.00"},{"v":22000,"d":"22,000.00"}]
["自然资源保护与利用项目经费","节约集约类用地审查文本资料打印、装订费","C23090100 印刷服务","项",180,{"v":5400,"d":"5,400.00"},{"v":5400,"d":"5,400.00"},{"v":5400,"d":"5,400.00"}]
["自然资源保护与利用项目经费","新增、补充耕地核定项目成果成图（幅面620mm×841mm）","C23090100 印刷服务","项",80,{"v":4000,"d":"4,000.00"},{"v":4000,"d":"4,000.00"},{"v":4000,"d":"4,000.00"}]
["自然资源保护与利用项目经费","新增、补充耕地核定项目工作用图（幅面1500mm×1200m）","C23090100 印刷服务","项",10,{"v":5000,"d":"5,000.00"},{"v":5000,"d":"5,000.00"},{"v":5000,"d":"5,000.00"}]
["自然资源保护与利用项目经费","新增、补充耕地核定项目文本资料打印、装订费","C23090100 印刷服务","项",109,{"v":3270,"d":"3,270.00"},{"v":3270,"d":"3,270.00"},{"v":3270,"d":"3,270.00"}]
["自然资源保护与利用项目经费","云南省自然资源统一调查监测成果成图（幅面620mm×841mm）","C23090100 印刷服务","项",156,{"v":7800,"d":"7,800.00"},{"v":7800,"d":"7,800.00"},{"v":7800,"d":"7,800.00"}]
["自然资源保护与利用项目经费","云南省自然资源统一调查监测工作用图（彩喷 幅面1500mm×1200m）印刷费","C23090100 印刷服务","项",16,{"v":8000,"d":"8,000.00"},{"v":8000,"d":"8,000.00"},{"v":8000,"d":"8,000.00"}]
["自然资源保护与利用项目经费","云南省自然资源统一调查监测文本资料打印、装订费","C23090100 印刷服务","项",133,{"v":3990,"d":"3,990.00"},{"v":3990,"d":"3,990.00"},{"v":3990,"d":"3,990.00"}]
["自然资源保护与利用项目经费","云南省自然资源统一调查监测云平台维保","C16070000 运行维护服务","项",1,null,{"v":201700,"d":"201,700.00"},{"v":201700,"d":"201,700.00"}]
["公车购置及运维费","车辆定点加油","C23120302 车辆加油、添加燃料服务","项",1,null,{"v":121000,"d":"121,000.00"},{"v":121000,"d":"121,000.00"}]
["公车购置及运维费","车辆定点加油","C23120302 车辆加油、添加燃料服务","项",1,null,{"v":80000,"d":"80,000.00"},{"$nulls":4},{"v":80000,"d":"80,000.00"},{"v":80000,"d":"80,000.00"}]
["公车购置及运维费","车辆定点维修","C23120301 车辆维修和保养服务","项",1,{"v":92000,"d":"92,000.00"},{"v":92000,"d":"92,000.00"},{"v":92000,"d":"92,000.00"}]
["公车购置及运维费","车辆定点维修","C23120301 车辆维修和保养服务","项",1,{"v":50000,"d":"50,000.00"},{"v":50000,"d":"50,000.00"},{"$nulls":4},{"v":50000,"d":"50,000.00"},{"v":50000,"d":"50,000.00"}]
["公车购置及运维费","汽车保险费","C1804010201 机动车保险服务","项",1,null,{"v":42000,"d":"42,000.00"},{"v":42000,"d":"42,000.00"}]
["一般公用经费","保密柜","A05010504 保密柜","个",5,null,{"v":10000,"d":"10,000.00"},{"v":10000,"d":"10,000.00"}]
["一般公用经费","劳保装备","A05030300 被服","项",342,null,{"v":855000,"d":"855,000.00"},{"$nulls":4},{"v":855000,"d":"855,000.00"},{"v":855000,"d":"855,000.00"}]
["一般公用经费","便携式电子计算机","A02010108 便携式计算机","台",20,null,{"v":140000,"d":"140,000.00"},{"v":140000,"d":"140,000.00"}]
["一般公用经费","委托业务费","C19040000 测绘服务","项",1,{"v":5000000,"d":"5,000,000.00"},{"v":8500000,"d":"8,500,000.00"},{"$nulls":4},{"v":8500000,"d":"8,500,000.00"},{"v":8500000,"d":"8,500,000.00"}]
["一般公用经费","租车费（含：车辆行驶费)","C23110300 车辆及其他运输机械租赁服务","项",{"v":1800,"d":"1,800"},{"v":1602000,"d":"1,602,000.00"},{"v":1602000,"d":"1,602,000.00"},{"$nulls":4},{"v":1602000,"d":"1,602,000.00"},{"v":1602000,"d":"1,602,000.00"}]
["一般公用经费","冷藏操作台","A05020101 厨房操作台","台",3,{"v":7500,"d":"7,500.00"},{"v":7500,"d":"7,500.00"},{"$nulls":4},{"v":7500,"d":"7,500.00"},{"v":7500,"d":"7,500.00"}]
["一般公用经费","炉拼台","A05020101 厨房操作台","项",2,{"v":2000,"d":"2,000.00"},{"v":2000,"d":"2,000.00"},{"$nulls":4},{"v":2000,"d":"2,000.00"},{"v":2000,"d":"2,000.00"}]
["一般公用经费","双层工作台","A05020101 厨房操作台","台",3,{"v":4350,"d":"4,350.00"},{"v":4350,"d":"4,350.00"},{"$nulls":4},{"v":4350,"d":"4,350.00"},{"v":4350,"d":"4,350.00"}]
["一般公用经费","异形自助取餐台","A05020101 厨房操作台","台",3,{"v":3300,"d":"3,300.00"},{"v":3300,"d":"3,300.00"},{"$nulls":4},{"v":3300,"d":"3,300.00"},{"v":3300,"d":"3,300.00"}]
["一般公用经费","云石面工作台","A05020101 厨房操作台","台",1,{"v":3500,"d":"3,500.00"},{"v":3500,"d":"3,500.00"},{"$nulls":4},{"v":3500,"d":"3,500.00"},{"v":3500,"d":"3,500.00"}]
["一般公用经费","激光打印机","A02021000 打印机","台",2,{"v":30000,"d":"30,000.00"},{"v":30000,"d":"30,000.00"},{"v":30000,"d":"30,000.00"}]
["一般公用经费","普通打印机","A02021000 打印机","台",1,{"v":1500,"d":"1,500.00"},{"v":1500,"d":"1,500.00"},{"v":1500,"d":"1,500.00"}]
["一般公用经费","普通复印机","A02020100 复印机","台",1,{"v":18000,"d":"18,000.00"},{"v":18000,"d":"18,000.00"},{"v":18000,"d":"18,000.00"}]
["一般公用经费","A3复印纸","A05040101 复印纸","包",45,{"v":2610,"d":"2,610.00"},{"v":2610,"d":"2,610.00"},{"v":2610,"d":"2,610.00"}]
["一般公用经费","A4复印纸","A05040101 复印纸","包",370,{"v":11100,"d":"11,100.00"},{"v":11100,"d":"11,100.00"},{"v":11100,"d":"11,100.00"}]
["一般公用经费","会议椅","A05010303 会议椅","把",30,{"v":9000,"d":"9,000.00"},{"v":9000,"d":"9,000.00"},{"v":9000,"d":"9,000.00"}]
["一般公用经费","360杀毒软件","A08060301 基础软件","套",50,null,{"v":3200,"d":"3,200.00"},{"v":3200,"d":"3,200.00"}]
["一般公用经费","WPS专业版办公软件V12.8","A08060301 基础软件","套",50,null,{"v":25500,"d":"25,500.00"},{"v":25500,"d":"25,500.00"}]
["一般公用经费","统信桌面操作系统V20","A08060301 基础软件","套",50,null,{"v":25750,"d":"25,750.00"},{"v":25750,"d":"25,750.00"}]
["一般公用经费","油烟净化一体机","A02061806 空气净化设备","米",10,{"v":59500,"d":"59,500.00"},{"v":59500,"d":"59,500.00"},{"$nulls":4},{"v":59500,"d":"59,500.00"},{"v":59500,"d":"59,500.00"}]
["一般公用经费","单头大锅灶(燃气）","A02061816 烹调电器","台",2,{"v":12000,"d":"12,000.00"},{"v":12000,"d":"12,000.00"},{"$nulls":4},{"v":12000,"d":"12,000.00"},{"v":12000,"d":"12,000.00"}]
["一般公用经费","单头单尾小炒灶（燃气）","A02061816 烹调电器","台",1,{"v":4500,"d":"4,500.00"},{"v":4500,"d":"4,500.00"},{"$nulls":4},{"v":4500,"d":"4,500.00"},{"v":4500,"d":"4,500.00"}]
["一般公用经费","电饼铛","A02061816 烹调电器","台",1,{"v":3500,"d":"3,500.00"},{"v":3500,"d":"3,500.00"},{"$nulls":4},{"v":3500,"d":"3,500.00"},{"v":3500,"d":"3,500.00"}]
["一般公用经费","多功能消毒柜","A02061816 烹调电器","台",1,{"v":1350,"d":"1,350.00"},{"v":1350,"d":"1,350.00"},{"$nulls":4},{"v":1350,"d":"1,350.00"},{"v":1350,"d":"1,350.00"}]
["一般公用经费","风幕机","A02061816 烹调电器","台",6,{"v":6000,"d":"6,000.00"},{"v":6000,"d":"6,000.00"},{"$nulls":4},{"v":6000,"d":"6,000.00"},{"v":6000,"d":"6,000.00"}]
["一般公用经费","和面机","A02061816 烹调电器","台",1,{"v":5500,"d":"5,500.00"},{"v":5500,"d":"5,500.00"},{"$nulls":4},{"v":5500,"d":"5,500.00"},{"v":5500,"d":"5,500.00"}]
["一般公用经费","绞切肉机","A02061816 烹调电器","台",1,{"v":4200,"d":"4,200.00"},{"v":4200,"d":"4,200.00"},{"$nulls":4},{"v":4200,"d":"4,200.00"},{"v":4200,"d":"4,200.00"}]
["一般公用经费","净水器","A02061816 烹调电器","台",1,{"v":18000,"d":"18,000.00"},{"v":18000,"d":"18,000.00"},{"$nulls":4},{"v":18000,"d":"18,000.00"},{"v":18000,"d":"18,000.00"}]
["一般公用经费","牛奶鼎","A02061816 烹调电器","台",2,{"v":2000,"d":"2,000.00"},{"v":2000,"d":"2,000.00"},{"$nulls":4},{"v":2000,"d":"2,000.00"},{"v":2000,"d":"2,000.00"}]
["一般公用经费","三层六盘烤箱(电热)","A02061816 烹调电器","台",1,{"v":7800,"d":"7,800.00"},{"v":7800,"d":"7,800.00"},{"$nulls":4},{"v":7800,"d":"7,800.00"},{"v":7800,"d":"7,800.00"}]
["一般公用经费","双门不锈钢消毒柜","A02061816 烹调电器","台",1,{"v":4800,"d":"4,800.00"},{"v":4800,"d":"4,800.00"},{"$nulls":4},{"v":4800,"d":"4,800.00"},{"v":4800,"d":"4,800.00"}]
["一般公用经费","双门蒸饭车(电热)","A02061816 烹调电器","台",1,{"v":3900,"d":"3,900.00"},{"v":3900,"d":"3,900.00"},{"$nulls":4},{"v":3900,"d":"3,900.00"},{"v":3900,"d":"3,900.00"}]
["一般公用经费","双头矮汤燃气炉","A02061816 烹调电器","台",1,{"v":5600,"d":"5,600.00"},{"v":5600,"d":"5,600.00"},{"$nulls":4},{"v":5600,"d":"5,600.00"},{"v":5600,"d":"5,600.00"}]
["一般公用经费","压面机","A02061816 烹调电器","台",1,{"v":5500,"d":"5,500.00"},{"v":5500,"d":"5,500.00"},{"$nulls":4},{"v":5500,"d":"5,500.00"},{"v":5500,"d":"5,500.00"}]
["一般公用经费","自助餐炉","A02061816 烹调电器","台",18,{"v":23760,"d":"23,760.00"},{"v":23760,"d":"23,760.00"},{"$nulls":4},{"v":23760,"d":"23,760.00"},{"v":23760,"d":"23,760.00"}]
["一般公用经费","不锈钢烟管设施","A05020199 其他厨卫用具","台",1,{"v":47500,"d":"47,500.00"},{"v":47500,"d":"47,500.00"},{"$nulls":4},{"v":47500,"d":"47,500.00"},{"v":47500,"d":"47,500.00"}]
["一般公用经费","厨房清洗设备","A05020199 其他厨卫用具","台",1,{"v":4760,"d":"4,760.00"},{"v":4760,"d":"4,760.00"},{"$nulls":4},{"v":4760,"d":"4,760.00"},{"v":4760,"d":"4,760.00"}]
["一般公用经费","隔油池","A05020199 其他厨卫用具","台",1,{"v":9000,"d":"9,000.00"},{"v":9000,"d":"9,000.00"},{"$nulls":4},{"v":9000,"d":"9,000.00"},{"v":9000,"d":"9,000.00"}]
["一般公用经费","双层餐车","A05020199 其他厨卫用具","台",3,{"v":3900,"d":"3,900.00"},{"v":3900,"d":"3,900.00"},{"$nulls":4},{"v":3900,"d":"3,900.00"},{"v":3900,"d":"3,900.00"}]
["一般公用经费","涉密系统分级保护软件","A08020199 其他非专利技术","项",1,null,{"v":762800,"d":"762,800.00"},{"$nulls":4},{"v":762800,"d":"762,800.00"},{"v":762800,"d":"762,800.00"}]
["一般公用经费","外业调绘与信息采集软件","A08020199 其他非专利技术","项",1,null,{"v":200000,"d":"200,000.00"},{"$nulls":4},{"v":200000,"d":"200,000.00"},{"v":200000,"d":"200,000.00"}]
["一般公用经费","单通移门荷台柜","A05010599 其他柜类","台",1,{"v":2300,"d":"2,300.00"},{"v":2300,"d":"2,300.00"},{"$nulls":4},{"v":2300,"d":"2,300.00"},{"v":2300,"d":"2,300.00"}]
["一般公用经费","取餐柜","A05010599 其他柜类","台",10,{"v":25000,"d":"25,000.00"},{"v":25000,"d":"25,000.00"},{"$nulls":4},{"v":25000,"d":"25,000.00"},{"v":25000,"d":"25,000.00"}]
["一般公用经费","双通移门荷台柜","A05010599 其他柜类","台",3,{"v":7500,"d":"7,500.00"},{"v":7500,"d":"7,500.00"},{"$nulls":4},{"v":7500,"d":"7,500.00"},{"v":7500,"d":"7,500.00"}]
["一般公用经费","双温六门高身柜","A05010599 其他柜类","台",1,{"v":6000,"d":"6,000.00"},{"v":6000,"d":"6,000.00"},{"$nulls":4},{"v":6000,"d":"6,000.00"},{"v":6000,"d":"6,000.00"}]
["一般公用经费","四门更衣柜","A05010599 其他柜类","台",2,{"v":2000,"d":"2,000.00"},{"v":2000,"d":"2,000.00"},{"$nulls":4},{"v":2000,"d":"2,000.00"},{"v":2000,"d":"2,000.00"}]
["一般公用经费","分级网络保护硬件","A02010699 其他机房辅助设备","项",1,null,{"v":617650,"d":"617,650.00"},{"$nulls":4},{"v":617650,"d":"617,650.00"},{"v":617650,"d":"617,650.00"}]
["一般公用经费","四层平板货架","A05010699 其他架类","台",8,{"v":8800,"d":"8,800.00"},{"v":8800,"d":"8,800.00"},{"$nulls":4},{"v":8800,"d":"8,800.00"},{"v":8800,"d":"8,800.00"}]
["一般公用经费","餐桌","A05010299 其他台、桌类","项",60,{"v":39600,"d":"39,600.00"},{"v":39600,"d":"39,600.00"},{"$nulls":4},{"v":39600,"d":"39,600.00"},{"v":39600,"d":"39,600.00"}]
["一般公用经费","办公区域维修","C23129900 其他维修和保养服务","项",1,{"v":500000,"d":"500,000.00"},{"v":500000,"d":"500,000.00"},{"$nulls":4},{"v":500000,"d":"500,000.00"},{"v":500000,"d":"500,000.00"}]
["一般公用经费","基地水、电改造","C23129900 其他维修和保养服务","项",1,null,{"v":2000000,"d":"2,000,000.00"},{"$nulls":4},{"v":2000000,"d":"2,000,000.00"},{"v":2000000,"d":"2,000,000.00"}]
["一般公用经费","基地维修","C23129900 其他维修和保养服务","项",1,{"v":1100000,"d":"1,100,000.00"},{"v":1100000,"d":"1,100,000.00"},{"$nulls":4},{"v":1100000,"d":"1,100,000.00"},{"v":1100000,"d":"1,100,000.00"}]
["一般公用经费","餐椅","A05010399 其他椅凳类","个",220,{"v":99000,"d":"99,000.00"},{"v":99000,"d":"99,000.00"},{"$nulls":4},{"v":99000,"d":"99,000.00"},{"v":99000,"d":"99,000.00"}]
["一般公用经费","开水器带底座","A02061819 热水器","台",1,{"v":1600,"d":"1,600.00"},{"v":1600,"d":"1,600.00"},{"$nulls":4},{"v":1600,"d":"1,600.00"},{"v":1600,"d":"1,600.00"}]
["一般公用经费","热水器","A02061819 热水器","台",2,{"v":5100,"d":"5,100.00"},{"v":5100,"d":"5,100.00"},{"$nulls":4},{"v":5100,"d":"5,100.00"},{"v":5100,"d":"5,100.00"}]
["一般公用经费","单星盆水池","A05020104 水池","台",3,{"v":3000,"d":"3,000.00"},{"v":3000,"d":"3,000.00"},{"$nulls":4},{"v":3000,"d":"3,000.00"},{"v":3000,"d":"3,000.00"}]
["一般公用经费","三星盆水池","A05020104 水池","台",1,{"v":3500,"d":"3,500.00"},{"v":3500,"d":"3,500.00"},{"$nulls":4},{"v":3500,"d":"3,500.00"},{"v":3500,"d":"3,500.00"}]
["一般公用经费","台式计算机","A02010105 台式计算机","台",30,null,{"v":180000,"d":"180,000.00"},{"v":180000,"d":"180,000.00"}]
["一般公用经费","文件柜","A05010502 文件柜","个",8,null,{"v":8000,"d":"8,000.00"},{"v":8000,"d":"8,000.00"}]
["一般公用经费","承担项目的办公及业务用房和其他设施的物业管理费","C21040001 物业管理服务","项",1,null,{"v":250000,"d":"250,000.00"},{"$nulls":4},{"v":250000,"d":"250,000.00"},{"v":250000,"d":"250,000.00"}]
["一般公用经费","承担项目的办公及业务用房和其他设施的物业管理费","C21040001 物业管理服务","项",1,null,{"v":250000,"d":"250,000.00"},{"$nulls":4},{"v":250000,"d":"250,000.00"},{"v":250000,"d":"250,000.00"}]
["一般公用经费","物业管理费","C21040001 物业管理服务","项",1,null,{"v":414000,"d":"414,000.00"},{"v":414000,"d":"414,000.00"}]
["一般公用经费","院职工食堂开支","C21040001 物业管理服务","项",1,{"v":1500000,"d":"1,500,000.00"},{"v":1500000,"d":"1,500,000.00"},{"$nulls":4},{"v":1500000,"d":"1,500,000.00"},{"v":1500000,"d":"1,500,000.00"}]
["一般公用经费","饮水机","A02061818 饮水器","台",1,{"v":1000,"d":"1,000.00"},{"v":1000,"d":"1,000.00"},{"$nulls":4},{"v":1000,"d":"1,000.00"},{"v":1000,"d":"1,000.00"}]
["一般公用经费","成果成图（幅面620mm×841mm）","C23090100 印刷服务","项",{"v":1100,"d":"1,100"},{"v":55000,"d":"55,000.00"},{"v":55000,"d":"55,000.00"},{"$nulls":4},{"v":55000,"d":"55,000.00"},{"v":55000,"d":"55,000.00"}]
["一般公用经费","工作用图（彩喷）（幅面1500mm×1200mm）","C23090100 印刷服务","项",50,{"v":25000,"d":"25,000.00"},{"v":25000,"d":"25,000.00"},{"$nulls":4},{"v":25000,"d":"25,000.00"},{"v":25000,"d":"25,000.00"}]
["一般公用经费","文本资料打印、装订费","C23090100 印刷服务","项",500,{"v":15000,"d":"15,000.00"},{"v":15000,"d":"15,000.00"},{"$nulls":4},{"v":15000,"d":"15,000.00"},{"v":15000,"d":"15,000.00"}]
["一般公用经费","印刷费","C23090100 印刷服务","项",1,{"v":13000,"d":"13,000.00"},{"v":13000,"d":"13,000.00"},{"v":13000,"d":"13,000.00"}]
["省级测绘地理信息专项经费","地形级实景三维数据生产及建库租车费","C23110300 车辆及其他运输机械租赁服务","项",480,{"v":427200,"d":"427,200.00"},{"v":427200,"d":"427,200.00"},{"v":427200,"d":"427,200.00"}]
["省级测绘地理信息专项经费","控制点巡查及数据库维护租车费","C23110300 车辆及其他运输机械租赁服务","项",120,{"v":106800,"d":"106,800.00"},{"v":106800,"d":"106,800.00"},{"v":106800,"d":"106,800.00"}]
["省级测绘地理信息专项经费","地形级实景三维数据生产及建库内外网交换机","A02010202 交换设备","项",4,null,{"v":320000,"d":"320,000.00"},{"v":320000,"d":"320,000.00"}]
["省级测绘地理信息专项经费","地形级实景三维数据生产及建库平板电脑","A02010109 平板式计算机","台",25,null,{"v":145000,"d":"145,000.00"},{"v":145000,"d":"145,000.00"}]
["省级测绘地理信息专项经费","地形级实景三维数据生产及建库三维成果智能生产软件","A08020199 其他非专利技术","套",1,null,{"v":39000,"d":"39,000.00"},{"v":39000,"d":"39,000.00"}]
["省级测绘地理信息专项经费","地形级实景三维数据生产及建库数据库管理系统升级维护软件定制","A08020199 其他非专利技术","项",1,null,{"v":600000,"d":"600,000.00"},{"v":600000,"d":"600,000.00"}]
["省级测绘地理信息专项经费","地形级实景三维数据生产及建库图形工作站","A02010107 图形工作站","项",5,null,{"v":228500,"d":"228,500.00"},{"v":228500,"d":"228,500.00"}]
["省级测绘地理信息专项经费","地形级实景三维数据生产及建库无人机（单北斗）","A02430900 无人机","项",20,null,{"v":640000,"d":"640,000.00"},{"v":640000,"d":"640,000.00"}]
["省级测绘地理信息专项经费","地形级实景三维数据生产及建库无人机配套设备","A02430900 无人机","套",20,null,{"v":170000,"d":"170,000.00"},{"v":170000,"d":"170,000.00"}]
["省级测绘地理信息专项经费","地形级实景三维数据生产及建库成果成图（幅面620mm×841mm）","C23090100 印刷服务","项",639,{"v":31950,"d":"31,950.00"},{"v":31950,"d":"31,950.00"},{"v":31950,"d":"31,950.00"}]
["省级测绘地理信息专项经费","地形级实景三维数据生产及建库工作用图（幅面1500mm×1200m）","C23090100 印刷服务","项",84,{"v":42000,"d":"42,000.00"},{"v":42000,"d":"42,000.00"},{"v":42000,"d":"42,000.00"}]
["省级测绘地理信息专项经费","地形级实景三维数据生产及建库文本资料打印、装订费","C23090100 印刷服务","项",150,{"v":4500,"d":"4,500.00"},{"v":4500,"d":"4,500.00"},{"v":4500,"d":"4,500.00"}]
["省级测绘地理信息专项经费","控制点巡查及数据库维护成果成图（幅面620mm×841mm）印刷费","C23090100 印刷服务","项",101,{"v":5050,"d":"5,050.00"},{"v":5050,"d":"5,050.00"},{"v":5050,"d":"5,050.00"}]
["省级测绘地理信息专项经费","控制点巡查及数据库维护工作用图（彩喷）（幅面1500mm×1200mm）印刷费","C23090100 印刷服务","项",15,{"v":7500,"d":"7,500.00"},{"v":7500,"d":"7,500.00"},{"v":7500,"d":"7,500.00"}]
["省级测绘地理信息专项经费","控制点巡查及数据库维护文本资料打印、装订费","C23090100 印刷服务","项",50,{"v":1500,"d":"1,500.00"},{"v":1500,"d":"1,500.00"},{"v":1500,"d":"1,500.00"}]
["事业单位野外作业用车经费项目","单位野外作业用车购置","A02030502 越野车","辆",2,null,{"v":500000,"d":"500,000.00"},{"$nulls":4},{"v":500000,"d":"500,000.00"},{"v":500000,"d":"500,000.00"}]
["合  计",{"$nulls":4},{"v":12404530,"d":"12,404,530.00"},{"v":39663820,"d":"39,663,820.00"},{"v":20343250,"d":"20,343,250.00"},{"$nulls":3},{"v":19320570,"d":"19,320,570.00"},{"v":19320570,"d":"19,320,570.00"}]

{"sheet":"部门政府购买服务预算表08","index":11,"n_rows":11,"n_cols":14,"rows_kept":11,"merged":[[1,0,1,13],[2,0,2,2],[3,0,5,0],[3,1,5,1],[3,2,5,2],[3,3,3,13],[4,3,5,3],[4,4,5,4],[4,5,5,5],[4,6,5,6],[4,7,5,7],[4,8,4,13],[9,0,9,2]]}
[{"$nulls":13},"预算08表"]
["2026年部门政府购买服务预算表"]
[{"$f":"\"单位名称：\"&\"云南省测绘工程院\"","v":"单位名称：云南省测绘工程院"},{"$nulls":12},"单位：元"]
["预算项目","政府购买服务项目","政府购买服务目录","资金来源"]
[{"$nulls":3},"合计","一般公共预算","政府性\n基金","国有资本经营收益","财政专户管理的收入","单位自筹"]
[{"$nulls":8},"小计","事业收入","事业单位\n经营收入","上级补助收入","附属单位上缴收入","其他收入"]
[1,2,3,4,5,6,7,8,9,10,11,12,13,14]
[]
[]
["合  计"]
["备注：此表为空表"]

{"sheet":"省对下转移支付预算表09-1","index":12,"n_rows":9,"n_cols":24,"rows_kept":9,"merged":[[1,0,1,23],[2,0,2,8],[3,0,4,0],[3,1,3,3],[3,4,3,23]]}
[{"$nulls":23},"预算09-1表"]
["2026年省对下转移支付预算表"]
[{"$f":"\"单位名称：\"&\"云南省测绘工程院\"","v":"单位名称：云南省测绘工程院"},{"$nulls":22},"单位：元"]
["单位名称（项目）","资金来源",null,null,"地区"]
[null,"合计","一般公共预算","政府性基金","昆明","昭通","曲靖","玉溪","红河","文山","普洱","西双版纳","楚雄","大理","保山","德宏","丽江","怒江","迪庆","临沧","宣威","腾冲","镇雄","未分配到地区数"]
[1,2,3,4,5,6,7,8,9,10,11,12,13,14,15,16,17,18,19,20,21,22,23,24]
[]
[]
["备注：此表为空表"]

{"sheet":"省对下转移支付绩效目标表09-2","index":13,"n_rows":8,"n_cols":10,"rows_kept":8,"merged":[[1,0,1,9],[2,0,2,7]]}
[{"$nulls":9},"预算09-2表"]
["2026年省对下转移支付绩效目标表"]
[{"$f":"\"单位名称：\"&\"云南省测绘工程院\"","v":"单位名称：云南省测绘工程院"}]
["单位名称、项目名称","项目年度绩效目标","一级指标","二级指标","三级指标","指标性质","指标值","度量单位","指标属性","指标内容"]
[1,2,3,4,5,6,7,8,9,10]
[]
[]
["备注：此表为空表"]

{"sheet":"新增资产配置表10","index":14,"n_rows":87,"n_cols":8,"rows_kept":87,"merged":[[1,0,1,7],[3,0,4,0],[3,1,4,1],[3,2,4,2],[3,3,4,3],[3,4,4,4],[3,5,3,7],[85,0,85,4],[86,0,86,7]]}
[{"$nulls":7},"预算10表"]
["2026年新增资产配置表"]
[{"$f":"\"单位名称：\"&\"云南省测绘工程院\"","v":"单位名称：云南省测绘工程院"}]
["单位名称","资产类别","资产分类代码.名称","资产名称","计量单位","财政部门批复数（元）"]
[{"$nulls":5},"数量","单价","金额"]
["1","2","3","4","5","6","7","8"]
["云南省测绘工程院","设备","A02010105 台式计算机","台式计算机","台",30,{"v":6000,"d":"6,000.00"},{"v":180000,"d":"180,000.00"}]
["云南省测绘工程院","设备","A02010107 图形工作站","图形工作站","台",10,{"v":45700,"d":"45,700.00"},{"v":457000,"d":"457,000.00"}]
["云南省测绘工程院","设备","A02010107 图形工作站","图形工作站","台",5,{"v":45700,"d":"45,700.00"},{"v":228500,"d":"228,500.00"}]
["云南省测绘工程院","设备","A02010107 图形工作站","图形工作站","台",5,{"v":45700,"d":"45,700.00"},{"v":228500,"d":"228,500.00"}]
["云南省测绘工程院","设备","A02010108 便携式计算机","便携式电子计算机","台",20,{"v":7000,"d":"7,000.00"},{"v":140000,"d":"140,000.00"}]
["云南省测绘工程院","设备","A02010109 平板式计算机","平板电脑","台",25,{"v":5800,"d":"5,800.00"},{"v":145000,"d":"145,000.00"}]
["云南省测绘工程院","设备","A02010202 交换设备","内外网交换机","台",4,{"v":80000,"d":"80,000.00"},{"v":320000,"d":"320,000.00"}]
["云南省测绘工程院","设备","A02010699 其他机房辅助设备","分布式存储扩容","套",1,{"v":840000,"d":"840,000.00"},{"v":840000,"d":"840,000.00"}]
["云南省测绘工程院","设备","A02010699 其他机房辅助设备","分级网络保护硬件","套",1,{"v":617650,"d":"617,650.00"},{"v":617650,"d":"617,650.00"}]
["云南省测绘工程院","设备","A02010699 其他机房辅助设备","高密重建算力服务器增扩","套",1,{"v":1200000,"d":"1,200,000.00"},{"v":1200000,"d":"1,200,000.00"}]
["云南省测绘工程院","设备","A02010699 其他机房辅助设备","模块化机房增扩","套",1,{"v":911800,"d":"911,800.00"},{"v":911800,"d":"911,800.00"}]
["云南省测绘工程院","设备","A02010699 其他机房辅助设备","云平台服务器节点扩容","台",3,{"v":320000,"d":"320,000.00"},{"v":960000,"d":"960,000.00"}]
["云南省测绘工程院","设备","A02010699 其他机房辅助设备","云平台内存扩容","条",120,{"v":3500,"d":"3,500.00"},{"v":420000,"d":"420,000.00"}]
["云南省测绘工程院","设备","A02021002 A3彩色打印机","激光打印机","台",2,{"v":15000,"d":"15,000.00"},{"v":30000,"d":"30,000.00"}]
["云南省测绘工程院","设备","A02021005 3D打印机","普通打印机","台",1,{"v":1500,"d":"1,500.00"},{"v":1500,"d":"1,500.00"}]
["云南省测绘工程院","设备","A02030502 越野车","生产业务用车","辆",2,{"v":250000,"d":"250,000.00"},{"v":500000,"d":"500,000.00"}]
["云南省测绘工程院","设备","A02061806 空气净化设备","油烟净化一体机","台",1,{"v":59500,"d":"59,500.00"},{"v":59500,"d":"59,500.00"}]
["云南省测绘工程院","设备","A02061816 烹调电器","单头大锅灶(燃气）","台",2,{"v":6000,"d":"6,000.00"},{"v":12000,"d":"12,000.00"}]
["云南省测绘工程院","设备","A02061816 烹调电器","单头单尾小炒灶（燃气）","台",1,{"v":4500,"d":"4,500.00"},{"v":4500,"d":"4,500.00"}]
["云南省测绘工程院","设备","A02061816 烹调电器","电饼铛","台",1,{"v":3500,"d":"3,500.00"},{"v":3500,"d":"3,500.00"}]
["云南省测绘工程院","设备","A02061816 烹调电器","多功能消毒柜","台",1,{"v":1350,"d":"1,350.00"},{"v":1350,"d":"1,350.00"}]
["云南省测绘工程院","设备","A02061816 烹调电器","风幕机","台",6,{"v":1000,"d":"1,000.00"},{"v":6000,"d":"6,000.00"}]
["云南省测绘工程院","设备","A02061816 烹调电器","和面机","台",1,{"v":5500,"d":"5,500.00"},{"v":5500,"d":"5,500.00"}]
["云南省测绘工程院","设备","A02061816 烹调电器","绞切肉机","台",1,{"v":4200,"d":"4,200.00"},{"v":4200,"d":"4,200.00"}]
["云南省测绘工程院","设备","A02061816 烹调电器","净水器","台",1,{"v":18000,"d":"18,000.00"},{"v":18000,"d":"18,000.00"}]
["云南省测绘工程院","设备","A02061816 烹调电器","牛奶鼎","台",2,{"v":1000,"d":"1,000.00"},{"v":2000,"d":"2,000.00"}]
["云南省测绘工程院","设备","A02061816 烹调电器","三层六盘烤箱(电热)","台",1,{"v":7800,"d":"7,800.00"},{"v":7800,"d":"7,800.00"}]
["云南省测绘工程院","设备","A02061816 烹调电器","双门不锈钢消毒柜","台",1,{"v":4800,"d":"4,800.00"},{"v":4800,"d":"4,800.00"}]
["云南省测绘工程院","设备","A02061816 烹调电器","双门蒸饭车(电热)","台",1,{"v":3900,"d":"3,900.00"},{"v":3900,"d":"3,900.00"}]
["云南省测绘工程院","设备","A02061816 烹调电器","双头矮汤燃气炉","台",1,{"v":5600,"d":"5,600.00"},{"v":5600,"d":"5,600.00"}]
["云南省测绘工程院","设备","A02061816 烹调电器","压面机","台",1,{"v":5500,"d":"5,500.00"},{"v":5500,"d":"5,500.00"}]
["云南省测绘工程院","设备","A02061816 烹调电器","自助餐炉","台",18,{"v":1320,"d":"1,320.00"},{"v":23760,"d":"23,760.00"}]
["云南省测绘工程院","设备","A02061818 饮水器","饮水机","台",1,{"v":1000,"d":"1,000.00"},{"v":1000,"d":"1,000.00"}]
["云南省测绘工程院","设备","A02061819 热水器","开水器带底座","台",1,{"v":1600,"d":"1,600.00"},{"v":1600,"d":"1,600.00"}]
["云南省测绘工程院","设备","A02061819 热水器","热水器","台",2,{"v":2550,"d":"2,550.00"},{"v":5100,"d":"5,100.00"}]
["云南省测绘工程院","设备","A02062100 绝缘电线和电缆","楼层线缆扩容","套",1,{"v":89330,"d":"89,330.00"},{"v":89330,"d":"89,330.00"}]
["云南省测绘工程院","设备","A02079900 其他雷达和无线电导航设备","手持激光扫描仪","套",1,{"v":200000,"d":"200,000.00"},{"v":200000,"d":"200,000.00"}]
["云南省测绘工程院","设备","A02080805 视频会议系统及会议室音频系统","视频会议系统","套",1,{"v":203200,"d":"203,200.00"},{"v":203200,"d":"203,200.00"}]
["云南省测绘工程院","设备","A02430900 无人机","无人机（单北斗）","架",20,{"v":32000,"d":"32,000.00"},{"v":640000,"d":"640,000.00"}]
["云南省测绘工程院","设备","A02430900 无人机","无人机配套设备","套",20,{"v":8500,"d":"8,500.00"},{"v":170000,"d":"170,000.00"}]
["云南省测绘工程院","设备","A02439900 其他航空器及其配套设备","激光雷达镜头","套",1,{"v":98000,"d":"98,000.00"},{"v":98000,"d":"98,000.00"}]
["云南省测绘工程院","设备","A02439900 其他航空器及其配套设备","可见光镜头","套",1,{"v":36000,"d":"36,000.00"},{"v":36000,"d":"36,000.00"}]
["云南省测绘工程院","设备","A02439900 其他航空器及其配套设备","无人机机场（单北斗版本）","套",12,{"v":150000,"d":"150,000.00"},{"v":1800000,"d":"1,800,000.00"}]
["云南省测绘工程院","设备","A02439900 其他航空器及其配套设备","行业级无人机","台",1,{"v":110000,"d":"110,000.00"},{"v":110000,"d":"110,000.00"}]
["云南省测绘工程院","家具和用品","A05010303 会议椅","会议椅","把",30,{"v":300,"d":"300.00"},{"v":9000,"d":"9,000.00"}]
["云南省测绘工程院","家具和用品","A05010502 文件柜","文件柜","台",8,{"v":1000,"d":"1,000.00"},{"v":8000,"d":"8,000.00"}]
["云南省测绘工程院","家具和用品","A05010504 保密柜","保密柜","台",5,{"v":2000,"d":"2,000.00"},{"v":10000,"d":"10,000.00"}]
["云南省测绘工程院","家具和用品","A05010599 其他柜类","单通移门荷台柜","台",1,{"v":2300,"d":"2,300.00"},{"v":2300,"d":"2,300.00"}]
["云南省测绘工程院","家具和用品","A05010599 其他柜类","取餐柜","台",10,{"v":2500,"d":"2,500.00"},{"v":25000,"d":"25,000.00"}]
["云南省测绘工程院","家具和用品","A05010599 其他柜类","双通移门荷台柜","台",3,{"v":2500,"d":"2,500.00"},{"v":7500,"d":"7,500.00"}]
["云南省测绘工程院","家具和用品","A05010599 其他柜类","双温六门高身柜","台",1,{"v":6000,"d":"6,000.00"},{"v":6000,"d":"6,000.00"}]
["云南省测绘工程院","家具和用品","A05010599 其他柜类","四门更衣柜","台",2,{"v":1000,"d":"1,000.00"},{"v":2000,"d":"2,000.00"}]
["云南省测绘工程院","家具和用品","A05010699 其他架类","四层平板货架","台",8,{"v":1100,"d":"1,100.00"},{"v":8800,"d":"8,800.00"}]
["云南省测绘工程院","家具和用品","A05020101 厨房操作台","冷藏操作台","台",3,{"v":2500,"d":"2,500.00"},{"v":7500,"d":"7,500.00"}]
["云南省测绘工程院","家具和用品","A05020101 厨房操作台","炉拼台","台",2,{"v":1000,"d":"1,000.00"},{"v":2000,"d":"2,000.00"}]
["云南省测绘工程院","家具和用品","A05020101 厨房操作台","双层工作台","台",3,{"v":1450,"d":"1,450.00"},{"v":4350,"d":"4,350.00"}]
["云南省测绘工程院","家具和用品","A05020101 厨房操作台","异形自助取餐台","台",3,{"v":1100,"d":"1,100.00"},{"v":3300,"d":"3,300.00"}]
["云南省测绘工程院","家具和用品","A05020101 厨房操作台","云石面工作台","台",1,{"v":3500,"d":"3,500.00"},{"v":3500,"d":"3,500.00"}]
["云南省测绘工程院","家具和用品","A05020104 水池","单星盆水池","台",3,{"v":1000,"d":"1,000.00"},{"v":3000,"d":"3,000.00"}]
["云南省测绘工程院","家具和用品","A05020104 水池","三星盆水池","台",1,{"v":3500,"d":"3,500.00"},{"v":3500,"d":"3,500.00"}]
["云南省测绘工程院","家具和用品","A05020199 其他厨卫用具","不锈钢烟管设施","套",1,{"v":47500,"d":"47,500.00"},{"v":47500,"d":"47,500.00"}]
["云南省测绘工程院","家具和用品","A05020199 其他厨卫用具","餐椅","个",220,{"v":450,"d":"450.00"},{"v":99000,"d":"99,000.00"}]
["云南省测绘工程院","家具和用品","A05020199 其他厨卫用具","餐桌","个",60,{"v":660,"d":"660.00"},{"v":39600,"d":"39,600.00"}]
["云南省测绘工程院","家具和用品","A05020199 其他厨卫用具","厨房清洗设备","套",1,{"v":4760,"d":"4,760.00"},{"v":4760,"d":"4,760.00"}]
["云南省测绘工程院","家具和用品","A05020199 其他厨卫用具","隔油池","台",1,{"v":9000,"d":"9,000.00"},{"v":9000,"d":"9,000.00"}]
["云南省测绘工程院","家具和用品","A05020199 其他厨卫用具","双层餐车","台",3,{"v":1300,"d":"1,300.00"},{"v":3900,"d":"3,900.00"}]
["云南省测绘工程院","无形资产","A08020199 其他非专利技术","“云南省自然资源无人机监测巡查管理平台”升级维护软件定制","套",4,{"v":200000,"d":"200,000.00"},{"v":800000,"d":"800,000.00"}]
["云南省测绘工程院","无形资产","A08020199 其他非专利技术","调查监测大数据分析处理引擎","套",1,{"v":960000,"d":"960,000.00"},{"v":960000,"d":"960,000.00"}]
["云南省测绘工程院","无形资产","A08020199 其他非专利技术","调查监测智能感知系统","套",1,{"v":800000,"d":"800,000.00"},{"v":800000,"d":"800,000.00"}]
["云南省测绘工程院","无形资产","A08020199 其他非专利技术","分级网络保护软件","套",1,{"v":762800,"d":"762,800.00"},{"v":762800,"d":"762,800.00"}]
["云南省测绘工程院","无形资产","A08020199 其他非专利技术","三维成果智能生产软件","套",1,{"v":39000,"d":"39,000.00"},{"v":39000,"d":"39,000.00"}]
["云南省测绘工程院","无形资产","A08020199 其他非专利技术","实景三维云南库管系统升级维护软件定制","项",1,{"v":600000,"d":"600,000.00"},{"v":600000,"d":"600,000.00"}]
["云南省测绘工程院","无形资产","A08020199 其他非专利技术","视频物联感知汇聚与实景三维轻量化模块构建软件定制","项",1,{"v":360000,"d":"360,000.00"},{"v":360000,"d":"360,000.00"}]
["云南省测绘工程院","无形资产","A08020199 其他非专利技术","外业调绘与信息采集软件","套",1,{"v":200000,"d":"200,000.00"},{"v":200000,"d":"200,000.00"}]
["云南省测绘工程院","无形资产","A08020199 其他非专利技术","云调查平台升级维护软件定制（AI审核、资源库、国家接口、分析评价）","项",1,{"v":1580000,"d":"1,580,000.00"},{"v":1580000,"d":"1,580,000.00"}]
["云南省测绘工程院","无形资产","A08020199 其他非专利技术","制图测绘软件","套",1,{"v":66000,"d":"66,000.00"},{"v":66000,"d":"66,000.00"}]
["云南省测绘工程院","无形资产","A08060301 基础软件","360杀毒软件","套",50,{"v":64,"d":"64.00"},{"v":3200,"d":"3,200.00"}]
["云南省测绘工程院","无形资产","A08060301 基础软件","WPS 专业版办公软件V12.8","套",50,{"v":510,"d":"510.00"},{"v":25500,"d":"25,500.00"}]
["云南省测绘工程院","无形资产","A08060301 基础软件","统信桌面操作系统V20","套",50,{"v":515,"d":"515.00"},{"v":25750,"d":"25,750.00"}]
["合计",{"$nulls":4},866,null,{"v":17233850,"d":"17,233,850.00"}]
["注：涉及土地使用权、房屋、公务用车购置，按照现行相关管理制度规定报批，以职能部门审批意见为准。"]

{"sheet":"中央转移支付补助项目支出预算表11","index":15,"n_rows":11,"n_cols":11,"rows_kept":11,"merged":[[1,0,1,10],[2,0,2,6],[3,0,5,0],[3,1,5,1],[3,2,5,2],[3,3,5,3],[3,4,5,4],[3,5,5,5],[3,6,5,6],[3,7,5,7],[3,8,3,10],[4,8,5,8],[4,9,5,9],[4,10,5,10],[9,0,9,6]]}
[{"$nulls":10},"预算11表"]
["2026年中央转移支付补助项目支出预算表"]
[{"$f":"\"单位名称：\"&\"云南省测绘工程院\"","v":"单位名称：云南省测绘工程院"},{"$nulls":9},"单位：元"]
["项目分类","项目名称","项目单位","功能科目编码","功能科目名称","经济科目编码","经济科目名称","合计","上级补助"]
[{"$nulls":8},"一般公共预算","政府性基金预算","国有资本经营预算"]
[{"$nulls":8},"小计"]
[1,2,3,4,5,6,7,8,9,10,11]
[]
[]
["合  计"]
["备注：此表为空表"]

{"sheet":"部门项目支出中期规划预算表12","index":16,"n_rows":13,"n_cols":7,"rows_kept":13,"merged":[[1,0,1,6],[2,0,2,3],[3,0,5,0],[3,1,5,1],[3,2,5,2],[3,3,5,3],[3,4,3,6],[4,4,5,4],[4,5,5,5],[4,6,5,6],[12,0,12,3]]}
[{"$nulls":6},"预算12表"]
["2026年部门项目支出中期规划预算表"]
[{"$f":"\"单位名称：\"&\"云南省测绘工程院\"","v":"单位名称：云南省测绘工程院"},{"$nulls":5},"单位：元"]
["项目单位","项目分类","项目名称","项目级次","一般公共预算"]
[{"$nulls":4},"2026年","2027年","2028年"]
[{"$nulls":5},"小计"]
[1,2,3,4,5,6,7]
["云南省测绘工程院",{"$nulls":3},{"v":35225276,"d":"35,225,276.00"},{"v":35225276,"d":"35,225,276.00"},{"v":35225276,"d":"35,225,276.00"}]
[null,"229 其他运转类","生产用电专项经费","本级",{"v":242000,"d":"242,000.00"},{"v":242000,"d":"242,000.00"},{"v":242000,"d":"242,000.00"}]
[null,"312 民生类","其他人员支出","本级",{"v":12564676,"d":"12,564,676.00"},{"v":12564676,"d":"12,564,676.00"},{"v":12564676,"d":"12,564,676.00"}]
[null,"313 事业发展类","自然资源保护与利用项目经费","本级",{"v":18508000,"d":"18,508,000.00"},{"v":18508000,"d":"18,508,000.00"},{"v":18508000,"d":"18,508,000.00"}]
[null,"313 事业发展类","省级测绘地理信息专项经费","本级",{"v":3910600,"d":"3,910,600.00"},{"v":3910600,"d":"3,910,600.00"},{"v":3910600,"d":"3,910,600.00"}]
["合计","",null,null,{"v":35225276,"d":"35,225,276.00"},{"v":35225276,"d":"35,225,276.00"},{"v":35225276,"d":"35,225,276.00"}]

{"sheet":"Sheet1","index":17,"n_rows":0,"n_cols":0,"rows_kept":0}